<?xml version="1.0" encoding="UTF-8"?>
<record
    xmlns:xsi="http://www.w3.org/2001/XMLSchema-instance"
    xsi:schemaLocation="http://www.loc.gov/MARC21/slim http://www.loc.gov/standards/marcxml/schema/MARC21slim.xsd"
    xmlns="http://www.loc.gov/MARC21/slim">

  <leader>01040nas a2200313 454500</leader>
  <controlfield tag="001">45175</controlfield>
  <controlfield tag="005">20260407193511.0</controlfield>
  <controlfield tag="008">260407s2017####ag###########|||spa#d</controlfield>
  <controlfield tag="003">AR-UNSa-BCEJYS</controlfield>
  <datafield tag="040" ind1=" " ind2=" ">
    <subfield code="a">AR-UNSa-BCEJYS</subfield>
    <subfield code="b">spa</subfield>
    <subfield code="c">AR-UNSa-BCEJYS</subfield>
  </datafield>
  <datafield tag="080" ind1=" " ind2=" ">
    <subfield code="a">336.22</subfield>
    <subfield code="x">Impuestos</subfield>
  </datafield>
  <datafield tag="245" ind1="1" ind2="0">
    <subfield code="a">Impuestos</subfield>
    <subfield code="p">Pr&#xE1;ctica profesional</subfield>
  </datafield>
  <datafield tag="022" ind1=" " ind2=" ">
    <subfield code="a">2545-7950</subfield>
  </datafield>
  <datafield tag="264" ind1=" " ind2="1">
    <subfield code="a">Buenos Aires :</subfield>
    <subfield code="b">Thomson Reuters Checkpoint</subfield>
    <subfield code="c">2017</subfield>
  </datafield>
  <datafield tag="310" ind1=" " ind2=" ">
    <subfield code="a">Frecuencia: Quincenal

</subfield>
  </datafield>
  <datafield tag="505" ind1=" " ind2=" ">
    <subfield code="a">Port: Tributario nacional, tributario provincial y municipal, actuaci&#xF3;n profesional</subfield>
  </datafield>
  <datafield tag="041" ind1=" " ind2=" ">
    <subfield code="a">spa</subfield>
  </datafield>
  <datafield tag="942" ind1=" " ind2=" ">
    <subfield code="c">SER</subfield>
  </datafield>
  <datafield tag="590" ind1=" " ind2=" ">
    <subfield code="a">niveau_biblio:s niveau_hierar:1</subfield>
  </datafield>
  <datafield tag="100" ind1="1" ind2=" ">
    <subfield code="a">Bertazza, Humberto J.</subfield>
  </datafield>
  <datafield tag="700" ind1="1" ind2=" ">
    <subfield code="a">Atchabahian, Adolfo</subfield>
  </datafield>
  <datafield tag="700" ind1="1" ind2=" ">
    <subfield code="a">Lascano, Marcelo Ram&#xF3;n</subfield>
  </datafield>
  <datafield tag="650" ind1=" " ind2=" ">
    <subfield code="a">Tributaci&#xF3;n</subfield>
  </datafield>
  <datafield tag="650" ind1=" " ind2=" ">
    <subfield code="a">IMPUESTOS</subfield>
  </datafield>
  <datafield tag="650" ind1=" " ind2=" ">
    <subfield code="a">Derecho Tributario</subfield>
  </datafield>
  <datafield tag="650" ind1=" " ind2=" ">
    <subfield code="a">EJERCICIO PROFESIONAL</subfield>
  </datafield>
  <datafield tag="650" ind1=" " ind2=" ">
    <subfield code="a">PROFESIONALES DE CIENCIAS ECONOMICAS</subfield>
  </datafield>
  <datafield tag="856" ind1="4" ind2="1">
    <subfield code="u">https://www.biblioeco.unsa.edu.ar/pmb/images/revistas/R21713.jpg</subfield>
    <subfield code="y">Imagen de portada</subfield>
    <subfield code="q">image/jpeg</subfield>
  </datafield>
  <datafield tag="999" ind1=" " ind2=" ">
    <subfield code="c">8934</subfield>
    <subfield code="d">8934</subfield>
  </datafield>
  <datafield tag="952" ind1=" " ind2=" ">
    <subfield code="0">0</subfield>
    <subfield code="1">0</subfield>
    <subfield code="4">0</subfield>
    <subfield code="7">0</subfield>
    <subfield code="a">BCEJYS</subfield>
    <subfield code="b">BCEJYS</subfield>
    <subfield code="c">17</subfield>
    <subfield code="d">2024-04-15</subfield>
    <subfield code="h">N&#xB0; 170 - abr. 2024</subfield>
    <subfield code="l">0</subfield>
    <subfield code="o">H336.22 IMP 170</subfield>
    <subfield code="p">R10401</subfield>
    <subfield code="r">2026-04-10 16:10:10</subfield>
    <subfield code="w">2026-04-10</subfield>
    <subfield code="y">RN</subfield>
  </datafield>
  <datafield tag="952" ind1=" " ind2=" ">
    <subfield code="0">0</subfield>
    <subfield code="1">0</subfield>
    <subfield code="4">0</subfield>
    <subfield code="7">0</subfield>
    <subfield code="a">BCEJYS</subfield>
    <subfield code="b">BCEJYS</subfield>
    <subfield code="c">17</subfield>
    <subfield code="d">2024-04-01</subfield>
    <subfield code="h">N&#xB0; 169 - abr. 2024</subfield>
    <subfield code="l">0</subfield>
    <subfield code="o">H336.22 IMP 169</subfield>
    <subfield code="p">R01549</subfield>
    <subfield code="r">2026-04-10 16:10:10</subfield>
    <subfield code="w">2026-04-10</subfield>
    <subfield code="y">RN</subfield>
  </datafield>
  <datafield tag="952" ind1=" " ind2=" ">
    <subfield code="0">0</subfield>
    <subfield code="1">0</subfield>
    <subfield code="4">0</subfield>
    <subfield code="7">0</subfield>
    <subfield code="a">BCEJYS</subfield>
    <subfield code="b">BCEJYS</subfield>
    <subfield code="c">17</subfield>
    <subfield code="d">2024-03-15</subfield>
    <subfield code="h">N&#xB0; 168 - mar. 2024</subfield>
    <subfield code="l">0</subfield>
    <subfield code="o">H336.22 IMP 168</subfield>
    <subfield code="p">R10396</subfield>
    <subfield code="r">2026-04-10 16:10:10</subfield>
    <subfield code="w">2026-04-10</subfield>
    <subfield code="y">RN</subfield>
  </datafield>
  <datafield tag="952" ind1=" " ind2=" ">
    <subfield code="0">0</subfield>
    <subfield code="1">0</subfield>
    <subfield code="4">0</subfield>
    <subfield code="7">0</subfield>
    <subfield code="a">BCEJYS</subfield>
    <subfield code="b">BCEJYS</subfield>
    <subfield code="c">17</subfield>
    <subfield code="d">2024-03-01</subfield>
    <subfield code="h">N&#xB0; 167 - mar. 2024</subfield>
    <subfield code="l">0</subfield>
    <subfield code="o">H336.22 IMP 167</subfield>
    <subfield code="p">R14097</subfield>
    <subfield code="r">2026-04-10 16:10:10</subfield>
    <subfield code="w">2026-04-10</subfield>
    <subfield code="y">RN</subfield>
  </datafield>
  <datafield tag="952" ind1=" " ind2=" ">
    <subfield code="0">0</subfield>
    <subfield code="1">0</subfield>
    <subfield code="4">0</subfield>
    <subfield code="7">0</subfield>
    <subfield code="a">BCEJYS</subfield>
    <subfield code="b">BCEJYS</subfield>
    <subfield code="c">17</subfield>
    <subfield code="d">2024-02-15</subfield>
    <subfield code="h">N&#xB0; 166 - feb. 2024</subfield>
    <subfield code="l">0</subfield>
    <subfield code="o">H336.22 IMP 166</subfield>
    <subfield code="p">R14114</subfield>
    <subfield code="r">2026-04-10 16:10:10</subfield>
    <subfield code="w">2026-04-10</subfield>
    <subfield code="y">RN</subfield>
  </datafield>
  <datafield tag="952" ind1=" " ind2=" ">
    <subfield code="0">0</subfield>
    <subfield code="1">0</subfield>
    <subfield code="4">0</subfield>
    <subfield code="7">0</subfield>
    <subfield code="a">BCEJYS</subfield>
    <subfield code="b">BCEJYS</subfield>
    <subfield code="c">17</subfield>
    <subfield code="d">2024-02-01</subfield>
    <subfield code="h">N&#xB0; 165 - feb. 2024</subfield>
    <subfield code="l">0</subfield>
    <subfield code="o">H336.22 IMP 165</subfield>
    <subfield code="p">R14113</subfield>
    <subfield code="r">2026-04-10 16:10:10</subfield>
    <subfield code="w">2026-04-10</subfield>
    <subfield code="y">RN</subfield>
  </datafield>
  <datafield tag="952" ind1=" " ind2=" ">
    <subfield code="0">0</subfield>
    <subfield code="1">0</subfield>
    <subfield code="4">0</subfield>
    <subfield code="7">0</subfield>
    <subfield code="a">BCEJYS</subfield>
    <subfield code="b">BCEJYS</subfield>
    <subfield code="c">1</subfield>
    <subfield code="d">2024-01-15</subfield>
    <subfield code="h">N&#xB0; 164 - ene. 2024</subfield>
    <subfield code="l">0</subfield>
    <subfield code="o">H336.22 IMP 164</subfield>
    <subfield code="p">R00489</subfield>
    <subfield code="r">2026-04-10 16:10:10</subfield>
    <subfield code="w">2026-04-10</subfield>
    <subfield code="y">RN</subfield>
  </datafield>
  <datafield tag="952" ind1=" " ind2=" ">
    <subfield code="0">0</subfield>
    <subfield code="1">0</subfield>
    <subfield code="4">0</subfield>
    <subfield code="7">0</subfield>
    <subfield code="a">BCEJYS</subfield>
    <subfield code="b">BCEJYS</subfield>
    <subfield code="c">17</subfield>
    <subfield code="d">2024-01-01</subfield>
    <subfield code="h">N&#xB0; 163 - ene. 2024</subfield>
    <subfield code="l">0</subfield>
    <subfield code="o">H336.22 IMP 163</subfield>
    <subfield code="p">R00488</subfield>
    <subfield code="r">2026-04-10 16:10:10</subfield>
    <subfield code="w">2026-04-10</subfield>
    <subfield code="y">RN</subfield>
  </datafield>
  <datafield tag="952" ind1=" " ind2=" ">
    <subfield code="0">0</subfield>
    <subfield code="1">0</subfield>
    <subfield code="4">0</subfield>
    <subfield code="7">0</subfield>
    <subfield code="a">BCEJYS</subfield>
    <subfield code="b">BCEJYS</subfield>
    <subfield code="c">17</subfield>
    <subfield code="d">2023-12-15</subfield>
    <subfield code="h">N&#xB0; 162 - dic. 2023</subfield>
    <subfield code="l">0</subfield>
    <subfield code="o">H336.22 IMP 162</subfield>
    <subfield code="p">R00491</subfield>
    <subfield code="r">2026-04-10 16:10:10</subfield>
    <subfield code="w">2026-04-10</subfield>
    <subfield code="y">RN</subfield>
  </datafield>
  <datafield tag="952" ind1=" " ind2=" ">
    <subfield code="0">0</subfield>
    <subfield code="1">0</subfield>
    <subfield code="4">0</subfield>
    <subfield code="7">0</subfield>
    <subfield code="a">BCEJYS</subfield>
    <subfield code="b">BCEJYS</subfield>
    <subfield code="c">17</subfield>
    <subfield code="d">2023-12-01</subfield>
    <subfield code="h">N&#xB0; 161 - dic. 2023</subfield>
    <subfield code="l">0</subfield>
    <subfield code="o">H336.22 IMP 161</subfield>
    <subfield code="p">R00490</subfield>
    <subfield code="r">2026-04-10 16:10:10</subfield>
    <subfield code="w">2026-04-10</subfield>
    <subfield code="y">RN</subfield>
  </datafield>
  <datafield tag="952" ind1=" " ind2=" ">
    <subfield code="0">0</subfield>
    <subfield code="1">0</subfield>
    <subfield code="4">0</subfield>
    <subfield code="7">0</subfield>
    <subfield code="a">BCEJYS</subfield>
    <subfield code="b">BCEJYS</subfield>
    <subfield code="c">1</subfield>
    <subfield code="d">2023-11-15</subfield>
    <subfield code="h">N&#xB0; 160 - nov. 2023</subfield>
    <subfield code="l">0</subfield>
    <subfield code="o">H336.22 IMP 160</subfield>
    <subfield code="p">R00473</subfield>
    <subfield code="r">2026-04-10 16:10:10</subfield>
    <subfield code="w">2026-04-10</subfield>
    <subfield code="y">RN</subfield>
  </datafield>
  <datafield tag="952" ind1=" " ind2=" ">
    <subfield code="0">0</subfield>
    <subfield code="1">0</subfield>
    <subfield code="4">0</subfield>
    <subfield code="7">0</subfield>
    <subfield code="a">BCEJYS</subfield>
    <subfield code="b">BCEJYS</subfield>
    <subfield code="c">1</subfield>
    <subfield code="d">2023-11-01</subfield>
    <subfield code="h">N&#xB0; 159 - nov. 2023</subfield>
    <subfield code="l">0</subfield>
    <subfield code="o">H336.22 IMP 159</subfield>
    <subfield code="p">R00472</subfield>
    <subfield code="r">2026-04-10 16:10:10</subfield>
    <subfield code="w">2026-04-10</subfield>
    <subfield code="y">RN</subfield>
  </datafield>
  <datafield tag="952" ind1=" " ind2=" ">
    <subfield code="0">0</subfield>
    <subfield code="1">0</subfield>
    <subfield code="4">0</subfield>
    <subfield code="7">0</subfield>
    <subfield code="a">BCEJYS</subfield>
    <subfield code="b">BCEJYS</subfield>
    <subfield code="c">1</subfield>
    <subfield code="d">2023-10-15</subfield>
    <subfield code="h">N&#xB0; 158 - oct. 2023</subfield>
    <subfield code="l">0</subfield>
    <subfield code="o">H336.22 IMP 158</subfield>
    <subfield code="p">R10425</subfield>
    <subfield code="r">2026-04-10 16:10:10</subfield>
    <subfield code="w">2026-04-10</subfield>
    <subfield code="y">RN</subfield>
  </datafield>
  <datafield tag="952" ind1=" " ind2=" ">
    <subfield code="0">0</subfield>
    <subfield code="1">0</subfield>
    <subfield code="4">0</subfield>
    <subfield code="7">0</subfield>
    <subfield code="a">BCEJYS</subfield>
    <subfield code="b">BCEJYS</subfield>
    <subfield code="c">17</subfield>
    <subfield code="d">2023-10-01</subfield>
    <subfield code="h">N&#xB0; 157 - oct. 2023</subfield>
    <subfield code="l">0</subfield>
    <subfield code="o">H336.22 IMP 157</subfield>
    <subfield code="p">R10424</subfield>
    <subfield code="r">2026-04-10 16:10:10</subfield>
    <subfield code="w">2026-04-10</subfield>
    <subfield code="y">RN</subfield>
  </datafield>
  <datafield tag="952" ind1=" " ind2=" ">
    <subfield code="0">0</subfield>
    <subfield code="1">0</subfield>
    <subfield code="4">0</subfield>
    <subfield code="7">0</subfield>
    <subfield code="a">BCEJYS</subfield>
    <subfield code="b">BCEJYS</subfield>
    <subfield code="c">1</subfield>
    <subfield code="d">2023-09-15</subfield>
    <subfield code="h">N&#xB0; 156 - sep. 2023</subfield>
    <subfield code="l">0</subfield>
    <subfield code="o">H336.22 IMP 156</subfield>
    <subfield code="p">R00448</subfield>
    <subfield code="r">2026-04-10 16:10:10</subfield>
    <subfield code="w">2026-04-10</subfield>
    <subfield code="y">RN</subfield>
  </datafield>
  <datafield tag="952" ind1=" " ind2=" ">
    <subfield code="0">0</subfield>
    <subfield code="1">0</subfield>
    <subfield code="4">0</subfield>
    <subfield code="7">0</subfield>
    <subfield code="a">BCEJYS</subfield>
    <subfield code="b">BCEJYS</subfield>
    <subfield code="c">1</subfield>
    <subfield code="d">2023-09-01</subfield>
    <subfield code="h">N&#xB0; 155 - sep. 2023</subfield>
    <subfield code="l">0</subfield>
    <subfield code="o">H336.22 IMP 155</subfield>
    <subfield code="p">R10421</subfield>
    <subfield code="r">2026-04-10 16:10:10</subfield>
    <subfield code="w">2026-04-10</subfield>
    <subfield code="y">RN</subfield>
  </datafield>
  <datafield tag="952" ind1=" " ind2=" ">
    <subfield code="0">0</subfield>
    <subfield code="1">0</subfield>
    <subfield code="4">0</subfield>
    <subfield code="7">0</subfield>
    <subfield code="a">BCEJYS</subfield>
    <subfield code="b">BCEJYS</subfield>
    <subfield code="c">1</subfield>
    <subfield code="d">2023-08-15</subfield>
    <subfield code="h">N&#xB0; 154 - ago. 2023</subfield>
    <subfield code="l">0</subfield>
    <subfield code="o">H336.22 IMP 154</subfield>
    <subfield code="p">R10410</subfield>
    <subfield code="r">2026-04-10 16:10:10</subfield>
    <subfield code="w">2026-04-10</subfield>
    <subfield code="y">RN</subfield>
  </datafield>
  <datafield tag="952" ind1=" " ind2=" ">
    <subfield code="0">0</subfield>
    <subfield code="1">0</subfield>
    <subfield code="4">0</subfield>
    <subfield code="7">0</subfield>
    <subfield code="a">BCEJYS</subfield>
    <subfield code="b">BCEJYS</subfield>
    <subfield code="c">1</subfield>
    <subfield code="d">2023-08-01</subfield>
    <subfield code="h">N&#xBA; 153 - ago. 2023</subfield>
    <subfield code="l">0</subfield>
    <subfield code="o">H336.22 IMP 153</subfield>
    <subfield code="p">R10411</subfield>
    <subfield code="r">2026-04-10 16:10:10</subfield>
    <subfield code="w">2026-04-10</subfield>
    <subfield code="y">RN</subfield>
  </datafield>
  <datafield tag="952" ind1=" " ind2=" ">
    <subfield code="0">0</subfield>
    <subfield code="1">0</subfield>
    <subfield code="4">0</subfield>
    <subfield code="7">0</subfield>
    <subfield code="a">BCEJYS</subfield>
    <subfield code="b">BCEJYS</subfield>
    <subfield code="c">1</subfield>
    <subfield code="d">2023-07-15</subfield>
    <subfield code="h">N&#xB0; 152 - jul. 2023</subfield>
    <subfield code="l">0</subfield>
    <subfield code="o">H336.22 IMP 152</subfield>
    <subfield code="p">R09915</subfield>
    <subfield code="r">2026-04-10 16:10:10</subfield>
    <subfield code="w">2026-04-10</subfield>
    <subfield code="y">RN</subfield>
  </datafield>
  <datafield tag="952" ind1=" " ind2=" ">
    <subfield code="0">0</subfield>
    <subfield code="1">0</subfield>
    <subfield code="4">0</subfield>
    <subfield code="7">0</subfield>
    <subfield code="a">BCEJYS</subfield>
    <subfield code="b">BCEJYS</subfield>
    <subfield code="c">17</subfield>
    <subfield code="d">2023-07-01</subfield>
    <subfield code="h">N&#xB0; 151 - jul. 2023</subfield>
    <subfield code="l">0</subfield>
    <subfield code="o">H336.22 IMP 151</subfield>
    <subfield code="p">R09753</subfield>
    <subfield code="r">2026-04-10 16:10:10</subfield>
    <subfield code="w">2026-04-10</subfield>
    <subfield code="y">RN</subfield>
  </datafield>
  <datafield tag="952" ind1=" " ind2=" ">
    <subfield code="0">0</subfield>
    <subfield code="1">0</subfield>
    <subfield code="4">0</subfield>
    <subfield code="7">0</subfield>
    <subfield code="a">BCEJYS</subfield>
    <subfield code="b">BCEJYS</subfield>
    <subfield code="c">1</subfield>
    <subfield code="d">2023-06-15</subfield>
    <subfield code="h">N&#xB0; 150 - jun. 2023</subfield>
    <subfield code="l">0</subfield>
    <subfield code="o">H336.22 IMP 150</subfield>
    <subfield code="p">R10349</subfield>
    <subfield code="r">2026-04-10 16:10:10</subfield>
    <subfield code="w">2026-04-10</subfield>
    <subfield code="y">RN</subfield>
  </datafield>
  <datafield tag="952" ind1=" " ind2=" ">
    <subfield code="0">0</subfield>
    <subfield code="1">0</subfield>
    <subfield code="4">0</subfield>
    <subfield code="7">0</subfield>
    <subfield code="a">BCEJYS</subfield>
    <subfield code="b">BCEJYS</subfield>
    <subfield code="c">1</subfield>
    <subfield code="d">2023-06-01</subfield>
    <subfield code="h">N&#xB0; 149 - jun. 2023</subfield>
    <subfield code="l">0</subfield>
    <subfield code="o">H336.22 IMP 149</subfield>
    <subfield code="p">R10350</subfield>
    <subfield code="r">2026-04-10 16:10:10</subfield>
    <subfield code="w">2026-04-10</subfield>
    <subfield code="y">RN</subfield>
  </datafield>
  <datafield tag="952" ind1=" " ind2=" ">
    <subfield code="0">0</subfield>
    <subfield code="1">0</subfield>
    <subfield code="4">0</subfield>
    <subfield code="7">0</subfield>
    <subfield code="a">BCEJYS</subfield>
    <subfield code="b">BCEJYS</subfield>
    <subfield code="c">1</subfield>
    <subfield code="d">2023-05-15</subfield>
    <subfield code="h">N&#xB0; 148 - mayo 2023</subfield>
    <subfield code="l">0</subfield>
    <subfield code="o">H336.22 IMP 148</subfield>
    <subfield code="p">R10471</subfield>
    <subfield code="r">2026-04-10 16:10:10</subfield>
    <subfield code="w">2026-04-10</subfield>
    <subfield code="y">RN</subfield>
  </datafield>
  <datafield tag="952" ind1=" " ind2=" ">
    <subfield code="0">0</subfield>
    <subfield code="1">0</subfield>
    <subfield code="4">0</subfield>
    <subfield code="7">0</subfield>
    <subfield code="a">BCEJYS</subfield>
    <subfield code="b">BCEJYS</subfield>
    <subfield code="c">1</subfield>
    <subfield code="d">2023-05-01</subfield>
    <subfield code="h">N&#xB0; 147 - mayo 2023</subfield>
    <subfield code="l">0</subfield>
    <subfield code="o">H336.22 IMP 147</subfield>
    <subfield code="p">R10473</subfield>
    <subfield code="r">2026-04-10 16:10:10</subfield>
    <subfield code="w">2026-04-10</subfield>
    <subfield code="y">RN</subfield>
  </datafield>
  <datafield tag="952" ind1=" " ind2=" ">
    <subfield code="0">0</subfield>
    <subfield code="1">0</subfield>
    <subfield code="4">0</subfield>
    <subfield code="7">0</subfield>
    <subfield code="a">BCEJYS</subfield>
    <subfield code="b">BCEJYS</subfield>
    <subfield code="c">1</subfield>
    <subfield code="d">2023-04-15</subfield>
    <subfield code="h">N&#xB0; 146 - abr. 2023</subfield>
    <subfield code="l">0</subfield>
    <subfield code="o">H336.22 IMP 146</subfield>
    <subfield code="p">R10487</subfield>
    <subfield code="r">2026-04-10 16:10:10</subfield>
    <subfield code="w">2026-04-10</subfield>
    <subfield code="y">RN</subfield>
  </datafield>
  <datafield tag="952" ind1=" " ind2=" ">
    <subfield code="0">0</subfield>
    <subfield code="1">0</subfield>
    <subfield code="4">0</subfield>
    <subfield code="7">0</subfield>
    <subfield code="a">BCEJYS</subfield>
    <subfield code="b">BCEJYS</subfield>
    <subfield code="c">1</subfield>
    <subfield code="d">2023-04-01</subfield>
    <subfield code="h">N&#xB0; 145 - abr. 2023</subfield>
    <subfield code="l">0</subfield>
    <subfield code="o">H336.22 IMP 145</subfield>
    <subfield code="p">R10486</subfield>
    <subfield code="r">2026-04-10 16:10:10</subfield>
    <subfield code="w">2026-04-10</subfield>
    <subfield code="y">RN</subfield>
  </datafield>
  <datafield tag="952" ind1=" " ind2=" ">
    <subfield code="0">0</subfield>
    <subfield code="1">0</subfield>
    <subfield code="4">0</subfield>
    <subfield code="7">0</subfield>
    <subfield code="a">BCEJYS</subfield>
    <subfield code="b">BCEJYS</subfield>
    <subfield code="c">1</subfield>
    <subfield code="d">2023-03-15</subfield>
    <subfield code="h">N&#xB0; 144 - mar. 2023</subfield>
    <subfield code="l">0</subfield>
    <subfield code="o">H336.22 IMP 144</subfield>
    <subfield code="p">R00445</subfield>
    <subfield code="r">2026-04-10 16:10:10</subfield>
    <subfield code="w">2026-04-10</subfield>
    <subfield code="y">RN</subfield>
  </datafield>
  <datafield tag="952" ind1=" " ind2=" ">
    <subfield code="0">0</subfield>
    <subfield code="1">0</subfield>
    <subfield code="4">0</subfield>
    <subfield code="7">0</subfield>
    <subfield code="a">BCEJYS</subfield>
    <subfield code="b">BCEJYS</subfield>
    <subfield code="c">1</subfield>
    <subfield code="d">2023-03-01</subfield>
    <subfield code="h">N&#xB0; 143 - mar. 2023</subfield>
    <subfield code="l">0</subfield>
    <subfield code="o">H336.22 IMP 143</subfield>
    <subfield code="p">R10385</subfield>
    <subfield code="r">2026-04-10 16:10:10</subfield>
    <subfield code="w">2026-04-10</subfield>
    <subfield code="y">RN</subfield>
  </datafield>
  <datafield tag="952" ind1=" " ind2=" ">
    <subfield code="0">0</subfield>
    <subfield code="1">0</subfield>
    <subfield code="4">0</subfield>
    <subfield code="7">0</subfield>
    <subfield code="a">BCEJYS</subfield>
    <subfield code="b">BCEJYS</subfield>
    <subfield code="c">1</subfield>
    <subfield code="d">2023-02-15</subfield>
    <subfield code="h">N&#xB0; 142 - feb. 2023</subfield>
    <subfield code="l">0</subfield>
    <subfield code="o">H336.22 IMP 142</subfield>
    <subfield code="p">R10420</subfield>
    <subfield code="r">2026-04-10 16:10:10</subfield>
    <subfield code="w">2026-04-10</subfield>
    <subfield code="y">RN</subfield>
  </datafield>
  <datafield tag="952" ind1=" " ind2=" ">
    <subfield code="0">0</subfield>
    <subfield code="1">0</subfield>
    <subfield code="4">0</subfield>
    <subfield code="7">0</subfield>
    <subfield code="a">BCEJYS</subfield>
    <subfield code="b">BCEJYS</subfield>
    <subfield code="c">1</subfield>
    <subfield code="d">2023-02-01</subfield>
    <subfield code="h">N&#xB0; 141 - feb. 2023</subfield>
    <subfield code="l">0</subfield>
    <subfield code="o">H336.22 IMP 141</subfield>
    <subfield code="p">R10418</subfield>
    <subfield code="r">2026-04-10 16:10:10</subfield>
    <subfield code="w">2026-04-10</subfield>
    <subfield code="y">RN</subfield>
  </datafield>
  <datafield tag="952" ind1=" " ind2=" ">
    <subfield code="0">0</subfield>
    <subfield code="1">0</subfield>
    <subfield code="4">0</subfield>
    <subfield code="7">0</subfield>
    <subfield code="a">BCEJYS</subfield>
    <subfield code="b">BCEJYS</subfield>
    <subfield code="c">1</subfield>
    <subfield code="d">2023-01-15</subfield>
    <subfield code="h">N&#xB0; 140 - ene. 2023</subfield>
    <subfield code="l">0</subfield>
    <subfield code="o">H336.22 IMP 140</subfield>
    <subfield code="p">R10504</subfield>
    <subfield code="r">2026-04-10 16:10:10</subfield>
    <subfield code="w">2026-04-10</subfield>
    <subfield code="y">RN</subfield>
  </datafield>
  <datafield tag="952" ind1=" " ind2=" ">
    <subfield code="0">0</subfield>
    <subfield code="1">0</subfield>
    <subfield code="4">0</subfield>
    <subfield code="7">0</subfield>
    <subfield code="a">BCEJYS</subfield>
    <subfield code="b">BCEJYS</subfield>
    <subfield code="c">17</subfield>
    <subfield code="d">2023-01-01</subfield>
    <subfield code="h">N&#xB0; 139 - ene. 2023</subfield>
    <subfield code="l">0</subfield>
    <subfield code="o">H336.22 IMP 139</subfield>
    <subfield code="p">R00514</subfield>
    <subfield code="r">2026-04-10 16:10:10</subfield>
    <subfield code="w">2026-04-10</subfield>
    <subfield code="y">RN</subfield>
  </datafield>
  <datafield tag="952" ind1=" " ind2=" ">
    <subfield code="0">0</subfield>
    <subfield code="1">0</subfield>
    <subfield code="4">0</subfield>
    <subfield code="7">0</subfield>
    <subfield code="a">BCEJYS</subfield>
    <subfield code="b">BCEJYS</subfield>
    <subfield code="c">17</subfield>
    <subfield code="d">2022-12-15</subfield>
    <subfield code="h">N&#xB0; 138 - dic. 2022</subfield>
    <subfield code="l">0</subfield>
    <subfield code="o">H336.22 IMP 138</subfield>
    <subfield code="p">R00484</subfield>
    <subfield code="r">2026-04-10 16:10:10</subfield>
    <subfield code="w">2026-04-10</subfield>
    <subfield code="y">RN</subfield>
  </datafield>
  <datafield tag="952" ind1=" " ind2=" ">
    <subfield code="0">0</subfield>
    <subfield code="1">0</subfield>
    <subfield code="4">0</subfield>
    <subfield code="7">0</subfield>
    <subfield code="a">BCEJYS</subfield>
    <subfield code="b">BCEJYS</subfield>
    <subfield code="c">1</subfield>
    <subfield code="d">2022-12-01</subfield>
    <subfield code="h">N&#xB0; 137 - dic. 2022</subfield>
    <subfield code="l">0</subfield>
    <subfield code="o">H336.22 IMP 137</subfield>
    <subfield code="p">R00427</subfield>
    <subfield code="r">2026-04-10 16:10:10</subfield>
    <subfield code="w">2026-04-10</subfield>
    <subfield code="y">RN</subfield>
  </datafield>
  <datafield tag="952" ind1=" " ind2=" ">
    <subfield code="0">0</subfield>
    <subfield code="1">0</subfield>
    <subfield code="4">0</subfield>
    <subfield code="7">0</subfield>
    <subfield code="a">BCEJYS</subfield>
    <subfield code="b">BCEJYS</subfield>
    <subfield code="c">1</subfield>
    <subfield code="d">2022-11-15</subfield>
    <subfield code="h">N&#xB0; 136 - nov. 2022</subfield>
    <subfield code="l">0</subfield>
    <subfield code="o">H336.22 IMP 136</subfield>
    <subfield code="p">R00430</subfield>
    <subfield code="r">2026-04-10 16:10:10</subfield>
    <subfield code="w">2026-04-10</subfield>
    <subfield code="y">RN</subfield>
  </datafield>
  <datafield tag="952" ind1=" " ind2=" ">
    <subfield code="0">0</subfield>
    <subfield code="1">0</subfield>
    <subfield code="4">0</subfield>
    <subfield code="7">0</subfield>
    <subfield code="a">BCEJYS</subfield>
    <subfield code="b">BCEJYS</subfield>
    <subfield code="c">1</subfield>
    <subfield code="d">2022-11-01</subfield>
    <subfield code="h">N&#xB0; 135 - nov. 2022</subfield>
    <subfield code="l">0</subfield>
    <subfield code="o">H336.22 IMP 135</subfield>
    <subfield code="p">R00428</subfield>
    <subfield code="r">2026-04-10 16:10:10</subfield>
    <subfield code="w">2026-04-10</subfield>
    <subfield code="y">RN</subfield>
  </datafield>
  <datafield tag="952" ind1=" " ind2=" ">
    <subfield code="0">0</subfield>
    <subfield code="1">0</subfield>
    <subfield code="4">0</subfield>
    <subfield code="7">0</subfield>
    <subfield code="a">BCEJYS</subfield>
    <subfield code="b">BCEJYS</subfield>
    <subfield code="c">1</subfield>
    <subfield code="d">2022-10-15</subfield>
    <subfield code="h">N&#xB0; 134 - oct. 2022</subfield>
    <subfield code="l">0</subfield>
    <subfield code="o">H336.22 IMP 134</subfield>
    <subfield code="p">R00454</subfield>
    <subfield code="r">2026-04-10 16:10:10</subfield>
    <subfield code="w">2026-04-10</subfield>
    <subfield code="y">RN</subfield>
  </datafield>
  <datafield tag="952" ind1=" " ind2=" ">
    <subfield code="0">0</subfield>
    <subfield code="1">0</subfield>
    <subfield code="4">0</subfield>
    <subfield code="7">0</subfield>
    <subfield code="a">BCEJYS</subfield>
    <subfield code="b">BCEJYS</subfield>
    <subfield code="c">17</subfield>
    <subfield code="d">2022-10-01</subfield>
    <subfield code="h">N&#xB0; 133 - oct. 2022</subfield>
    <subfield code="l">0</subfield>
    <subfield code="o">H336.22 IMP 133</subfield>
    <subfield code="p">R00503</subfield>
    <subfield code="r">2026-04-10 16:10:10</subfield>
    <subfield code="w">2026-04-10</subfield>
    <subfield code="y">RN</subfield>
  </datafield>
  <datafield tag="952" ind1=" " ind2=" ">
    <subfield code="0">0</subfield>
    <subfield code="1">0</subfield>
    <subfield code="4">0</subfield>
    <subfield code="7">0</subfield>
    <subfield code="a">BCEJYS</subfield>
    <subfield code="b">BCEJYS</subfield>
    <subfield code="c">1</subfield>
    <subfield code="d">2022-09-15</subfield>
    <subfield code="h">N&#xB0; 132 - sep. 2022</subfield>
    <subfield code="l">0</subfield>
    <subfield code="o">H336.22 IMP 132</subfield>
    <subfield code="p">R10543</subfield>
    <subfield code="r">2026-04-10 16:10:10</subfield>
    <subfield code="w">2026-04-10</subfield>
    <subfield code="y">RN</subfield>
  </datafield>
  <datafield tag="952" ind1=" " ind2=" ">
    <subfield code="0">0</subfield>
    <subfield code="1">0</subfield>
    <subfield code="4">0</subfield>
    <subfield code="7">0</subfield>
    <subfield code="a">BCEJYS</subfield>
    <subfield code="b">BCEJYS</subfield>
    <subfield code="c">1</subfield>
    <subfield code="d">2022-09-01</subfield>
    <subfield code="h">N&#xB0; 131 - sep. 2022</subfield>
    <subfield code="l">0</subfield>
    <subfield code="o">H336.22 IMP 131</subfield>
    <subfield code="p">R10541</subfield>
    <subfield code="r">2026-04-10 16:10:10</subfield>
    <subfield code="w">2026-04-10</subfield>
    <subfield code="y">RN</subfield>
  </datafield>
  <datafield tag="952" ind1=" " ind2=" ">
    <subfield code="0">0</subfield>
    <subfield code="1">0</subfield>
    <subfield code="4">0</subfield>
    <subfield code="7">0</subfield>
    <subfield code="a">BCEJYS</subfield>
    <subfield code="b">BCEJYS</subfield>
    <subfield code="c">1</subfield>
    <subfield code="d">2022-08-15</subfield>
    <subfield code="h">N&#xB0; 130 - ago. 2022</subfield>
    <subfield code="l">0</subfield>
    <subfield code="o">H336.22 IMP 130</subfield>
    <subfield code="p">R10544</subfield>
    <subfield code="r">2026-04-10 16:10:10</subfield>
    <subfield code="w">2026-04-10</subfield>
    <subfield code="y">RN</subfield>
  </datafield>
  <datafield tag="952" ind1=" " ind2=" ">
    <subfield code="0">0</subfield>
    <subfield code="1">0</subfield>
    <subfield code="4">0</subfield>
    <subfield code="7">0</subfield>
    <subfield code="a">BCEJYS</subfield>
    <subfield code="b">BCEJYS</subfield>
    <subfield code="c">1</subfield>
    <subfield code="d">2022-08-01</subfield>
    <subfield code="h">N&#xB0; 129 - ago. 2022</subfield>
    <subfield code="l">0</subfield>
    <subfield code="o">H336.22 IMP 129</subfield>
    <subfield code="p">R10495</subfield>
    <subfield code="r">2026-04-10 16:10:10</subfield>
    <subfield code="w">2026-04-10</subfield>
    <subfield code="y">RN</subfield>
  </datafield>
  <datafield tag="952" ind1=" " ind2=" ">
    <subfield code="0">0</subfield>
    <subfield code="1">0</subfield>
    <subfield code="4">0</subfield>
    <subfield code="7">0</subfield>
    <subfield code="a">BCEJYS</subfield>
    <subfield code="b">BCEJYS</subfield>
    <subfield code="c">1</subfield>
    <subfield code="d">2022-07-15</subfield>
    <subfield code="h">N&#xB0; 128 - jul. 2022</subfield>
    <subfield code="l">0</subfield>
    <subfield code="o">H336.22 IMP 128</subfield>
    <subfield code="p">R10496</subfield>
    <subfield code="r">2026-04-10 16:10:10</subfield>
    <subfield code="w">2026-04-10</subfield>
    <subfield code="y">RN</subfield>
  </datafield>
  <datafield tag="952" ind1=" " ind2=" ">
    <subfield code="0">0</subfield>
    <subfield code="1">0</subfield>
    <subfield code="4">0</subfield>
    <subfield code="7">0</subfield>
    <subfield code="a">BCEJYS</subfield>
    <subfield code="b">BCEJYS</subfield>
    <subfield code="c">1</subfield>
    <subfield code="d">2022-07-01</subfield>
    <subfield code="h">N&#xB0; 127 - jul. 2022</subfield>
    <subfield code="l">0</subfield>
    <subfield code="o">H336.22 IMP 127</subfield>
    <subfield code="p">R14094</subfield>
    <subfield code="r">2026-04-10 16:10:10</subfield>
    <subfield code="w">2026-04-10</subfield>
    <subfield code="y">RN</subfield>
  </datafield>
  <datafield tag="952" ind1=" " ind2=" ">
    <subfield code="0">0</subfield>
    <subfield code="1">0</subfield>
    <subfield code="4">0</subfield>
    <subfield code="7">0</subfield>
    <subfield code="a">BCEJYS</subfield>
    <subfield code="b">BCEJYS</subfield>
    <subfield code="c">1</subfield>
    <subfield code="d">2022-06-15</subfield>
    <subfield code="h">N&#xB0; 126 - jun. 2022</subfield>
    <subfield code="l">0</subfield>
    <subfield code="o">H336.22 IMP 126</subfield>
    <subfield code="p">R14093</subfield>
    <subfield code="r">2026-04-10 16:10:10</subfield>
    <subfield code="w">2026-04-10</subfield>
    <subfield code="y">RN</subfield>
  </datafield>
  <datafield tag="952" ind1=" " ind2=" ">
    <subfield code="0">0</subfield>
    <subfield code="1">0</subfield>
    <subfield code="4">0</subfield>
    <subfield code="7">0</subfield>
    <subfield code="a">BCEJYS</subfield>
    <subfield code="b">BCEJYS</subfield>
    <subfield code="c">1</subfield>
    <subfield code="d">2022-06-01</subfield>
    <subfield code="h">N&#xB0; 125 - jun. 2022</subfield>
    <subfield code="l">0</subfield>
    <subfield code="o">H336.22 IMP 125</subfield>
    <subfield code="p">R14095</subfield>
    <subfield code="r">2026-04-10 16:10:10</subfield>
    <subfield code="w">2026-04-10</subfield>
    <subfield code="y">RN</subfield>
  </datafield>
  <datafield tag="952" ind1=" " ind2=" ">
    <subfield code="0">0</subfield>
    <subfield code="1">0</subfield>
    <subfield code="4">0</subfield>
    <subfield code="7">0</subfield>
    <subfield code="a">BCEJYS</subfield>
    <subfield code="b">BCEJYS</subfield>
    <subfield code="c">1</subfield>
    <subfield code="d">2022-05-15</subfield>
    <subfield code="h">N&#xB0; 124 - mayo 2022</subfield>
    <subfield code="l">0</subfield>
    <subfield code="o">H336.22 IMP 124</subfield>
    <subfield code="p">R09830</subfield>
    <subfield code="r">2026-04-10 16:10:10</subfield>
    <subfield code="w">2026-04-10</subfield>
    <subfield code="y">RN</subfield>
  </datafield>
  <datafield tag="952" ind1=" " ind2=" ">
    <subfield code="0">0</subfield>
    <subfield code="1">0</subfield>
    <subfield code="4">0</subfield>
    <subfield code="7">0</subfield>
    <subfield code="a">BCEJYS</subfield>
    <subfield code="b">BCEJYS</subfield>
    <subfield code="c">17</subfield>
    <subfield code="d">2022-05-01</subfield>
    <subfield code="h">N&#xB0; 123 - mayo 2022</subfield>
    <subfield code="l">0</subfield>
    <subfield code="o">H336.22 IMP 123</subfield>
    <subfield code="p">R09790</subfield>
    <subfield code="r">2026-04-10 16:10:10</subfield>
    <subfield code="w">2026-04-10</subfield>
    <subfield code="y">RN</subfield>
  </datafield>
  <datafield tag="952" ind1=" " ind2=" ">
    <subfield code="0">0</subfield>
    <subfield code="1">0</subfield>
    <subfield code="4">0</subfield>
    <subfield code="7">0</subfield>
    <subfield code="a">BCEJYS</subfield>
    <subfield code="b">BCEJYS</subfield>
    <subfield code="c">1</subfield>
    <subfield code="d">2022-04-15</subfield>
    <subfield code="h">N&#xB0; 122 - abr. 2022</subfield>
    <subfield code="l">0</subfield>
    <subfield code="o">H336.22 IMP 122</subfield>
    <subfield code="p">R14148</subfield>
    <subfield code="r">2026-04-10 16:10:10</subfield>
    <subfield code="w">2026-04-10</subfield>
    <subfield code="y">RN</subfield>
  </datafield>
  <datafield tag="952" ind1=" " ind2=" ">
    <subfield code="0">0</subfield>
    <subfield code="1">0</subfield>
    <subfield code="4">0</subfield>
    <subfield code="7">0</subfield>
    <subfield code="a">BCEJYS</subfield>
    <subfield code="b">BCEJYS</subfield>
    <subfield code="c">1</subfield>
    <subfield code="d">2022-04-01</subfield>
    <subfield code="h">N&#xB0; 121 - abr. 2022</subfield>
    <subfield code="l">0</subfield>
    <subfield code="o">H336.22 IMP 121</subfield>
    <subfield code="p">R14134</subfield>
    <subfield code="r">2026-04-10 16:10:10</subfield>
    <subfield code="w">2026-04-10</subfield>
    <subfield code="y">RN</subfield>
  </datafield>
  <datafield tag="952" ind1=" " ind2=" ">
    <subfield code="0">0</subfield>
    <subfield code="1">0</subfield>
    <subfield code="4">0</subfield>
    <subfield code="7">0</subfield>
    <subfield code="a">BCEJYS</subfield>
    <subfield code="b">BCEJYS</subfield>
    <subfield code="c">1</subfield>
    <subfield code="d">2022-03-15</subfield>
    <subfield code="h">N&#xB0; 120 - mar. 2022</subfield>
    <subfield code="l">0</subfield>
    <subfield code="o">H336.22 IMP 120</subfield>
    <subfield code="p">R14106</subfield>
    <subfield code="r">2026-04-10 16:10:10</subfield>
    <subfield code="w">2026-04-10</subfield>
    <subfield code="y">RN</subfield>
  </datafield>
  <datafield tag="952" ind1=" " ind2=" ">
    <subfield code="0">0</subfield>
    <subfield code="1">0</subfield>
    <subfield code="4">0</subfield>
    <subfield code="7">0</subfield>
    <subfield code="a">BCEJYS</subfield>
    <subfield code="b">BCEJYS</subfield>
    <subfield code="c">1</subfield>
    <subfield code="d">2022-03-01</subfield>
    <subfield code="h">N&#xB0; 119 - mar. 2022</subfield>
    <subfield code="l">0</subfield>
    <subfield code="o">H336.22 IMP 119</subfield>
    <subfield code="p">R14107</subfield>
    <subfield code="r">2026-04-10 16:10:10</subfield>
    <subfield code="w">2026-04-10</subfield>
    <subfield code="y">RN</subfield>
  </datafield>
  <datafield tag="952" ind1=" " ind2=" ">
    <subfield code="0">0</subfield>
    <subfield code="1">0</subfield>
    <subfield code="4">0</subfield>
    <subfield code="7">0</subfield>
    <subfield code="a">BCEJYS</subfield>
    <subfield code="b">BCEJYS</subfield>
    <subfield code="c">1</subfield>
    <subfield code="d">2022-02-15</subfield>
    <subfield code="h">N&#xB0; 118 - feb. 2022</subfield>
    <subfield code="l">0</subfield>
    <subfield code="o">H336.22 IMP 118</subfield>
    <subfield code="p">R14040</subfield>
    <subfield code="r">2026-04-10 16:10:10</subfield>
    <subfield code="w">2026-04-10</subfield>
    <subfield code="y">RN</subfield>
  </datafield>
  <datafield tag="952" ind1=" " ind2=" ">
    <subfield code="0">0</subfield>
    <subfield code="1">0</subfield>
    <subfield code="4">0</subfield>
    <subfield code="7">0</subfield>
    <subfield code="a">BCEJYS</subfield>
    <subfield code="b">BCEJYS</subfield>
    <subfield code="c">17</subfield>
    <subfield code="d">2022-02-01</subfield>
    <subfield code="h">N&#xB0; 117 - feb. 2022</subfield>
    <subfield code="l">0</subfield>
    <subfield code="o">H336.22 IMP 117</subfield>
    <subfield code="p">R14042</subfield>
    <subfield code="r">2026-04-10 16:10:10</subfield>
    <subfield code="w">2026-04-10</subfield>
    <subfield code="y">RN</subfield>
  </datafield>
  <datafield tag="952" ind1=" " ind2=" ">
    <subfield code="0">0</subfield>
    <subfield code="1">0</subfield>
    <subfield code="4">0</subfield>
    <subfield code="7">0</subfield>
    <subfield code="a">BCEJYS</subfield>
    <subfield code="b">BCEJYS</subfield>
    <subfield code="c">1</subfield>
    <subfield code="d">2022-01-15</subfield>
    <subfield code="h">N&#xB0;116 - ene. 2022</subfield>
    <subfield code="l">0</subfield>
    <subfield code="o">H336.22 IMP 116</subfield>
    <subfield code="p">R12344</subfield>
    <subfield code="r">2026-04-10 16:10:10</subfield>
    <subfield code="w">2026-04-10</subfield>
    <subfield code="y">RN</subfield>
  </datafield>
  <datafield tag="952" ind1=" " ind2=" ">
    <subfield code="0">0</subfield>
    <subfield code="1">0</subfield>
    <subfield code="4">0</subfield>
    <subfield code="7">0</subfield>
    <subfield code="a">BCEJYS</subfield>
    <subfield code="b">BCEJYS</subfield>
    <subfield code="c">1</subfield>
    <subfield code="d">2022-01-01</subfield>
    <subfield code="h">N&#xB0;115 - ene. 2022</subfield>
    <subfield code="l">0</subfield>
    <subfield code="o">H336.22 IMP 115</subfield>
    <subfield code="p">R09885</subfield>
    <subfield code="r">2026-04-10 16:10:10</subfield>
    <subfield code="w">2026-04-10</subfield>
    <subfield code="y">RN</subfield>
  </datafield>
  <datafield tag="952" ind1=" " ind2=" ">
    <subfield code="0">0</subfield>
    <subfield code="1">0</subfield>
    <subfield code="4">0</subfield>
    <subfield code="7">0</subfield>
    <subfield code="a">BCEJYS</subfield>
    <subfield code="b">BCEJYS</subfield>
    <subfield code="c">1</subfield>
    <subfield code="d">2021-12-15</subfield>
    <subfield code="h">N&#xB0;114 - dic. 2021</subfield>
    <subfield code="l">0</subfield>
    <subfield code="o">H336.22 IMP 114</subfield>
    <subfield code="p">R09884</subfield>
    <subfield code="r">2026-04-10 16:10:10</subfield>
    <subfield code="w">2026-04-10</subfield>
    <subfield code="y">RN</subfield>
  </datafield>
  <datafield tag="952" ind1=" " ind2=" ">
    <subfield code="0">0</subfield>
    <subfield code="1">0</subfield>
    <subfield code="4">0</subfield>
    <subfield code="7">0</subfield>
    <subfield code="a">BCEJYS</subfield>
    <subfield code="b">BCEJYS</subfield>
    <subfield code="c">1</subfield>
    <subfield code="d">2021-12-01</subfield>
    <subfield code="h">N&#xB0;113 - dic. 2021</subfield>
    <subfield code="l">0</subfield>
    <subfield code="o">H336.22 IMP 113</subfield>
    <subfield code="p">R09882</subfield>
    <subfield code="r">2026-04-10 16:10:10</subfield>
    <subfield code="w">2026-04-10</subfield>
    <subfield code="y">RN</subfield>
  </datafield>
  <datafield tag="952" ind1=" " ind2=" ">
    <subfield code="0">0</subfield>
    <subfield code="1">0</subfield>
    <subfield code="4">0</subfield>
    <subfield code="7">0</subfield>
    <subfield code="a">BCEJYS</subfield>
    <subfield code="b">BCEJYS</subfield>
    <subfield code="c">17</subfield>
    <subfield code="d">2021-11-15</subfield>
    <subfield code="h">N&#xB0;112 - nov. 2021</subfield>
    <subfield code="l">0</subfield>
    <subfield code="o">H336.22 IMP 112</subfield>
    <subfield code="p">R09897</subfield>
    <subfield code="r">2026-04-10 16:10:10</subfield>
    <subfield code="w">2026-04-10</subfield>
    <subfield code="y">RN</subfield>
  </datafield>
  <datafield tag="952" ind1=" " ind2=" ">
    <subfield code="0">0</subfield>
    <subfield code="1">0</subfield>
    <subfield code="4">0</subfield>
    <subfield code="7">0</subfield>
    <subfield code="a">BCEJYS</subfield>
    <subfield code="b">BCEJYS</subfield>
    <subfield code="c">1</subfield>
    <subfield code="d">2021-11-01</subfield>
    <subfield code="h">N&#xB0;111 - nov. 2021</subfield>
    <subfield code="l">0</subfield>
    <subfield code="o">H336.22 IMP 111</subfield>
    <subfield code="p">R23325</subfield>
    <subfield code="r">2026-04-10 16:10:10</subfield>
    <subfield code="w">2026-04-10</subfield>
    <subfield code="y">RN</subfield>
  </datafield>
  <datafield tag="952" ind1=" " ind2=" ">
    <subfield code="0">0</subfield>
    <subfield code="1">0</subfield>
    <subfield code="4">0</subfield>
    <subfield code="7">0</subfield>
    <subfield code="a">BCEJYS</subfield>
    <subfield code="b">BCEJYS</subfield>
    <subfield code="c">1</subfield>
    <subfield code="d">2021-10-15</subfield>
    <subfield code="h">N&#xB0;110 - oct. 2021</subfield>
    <subfield code="l">0</subfield>
    <subfield code="o">H336.22 IMP 110</subfield>
    <subfield code="p">R23324</subfield>
    <subfield code="r">2026-04-10 16:10:10</subfield>
    <subfield code="w">2026-04-10</subfield>
    <subfield code="y">RN</subfield>
  </datafield>
  <datafield tag="952" ind1=" " ind2=" ">
    <subfield code="0">0</subfield>
    <subfield code="1">0</subfield>
    <subfield code="4">0</subfield>
    <subfield code="7">0</subfield>
    <subfield code="a">BCEJYS</subfield>
    <subfield code="b">BCEJYS</subfield>
    <subfield code="c">1</subfield>
    <subfield code="d">2021-10-01</subfield>
    <subfield code="h">N&#xB0;109 - oct. 2021</subfield>
    <subfield code="l">0</subfield>
    <subfield code="o">H336.22 IMP 109</subfield>
    <subfield code="p">R23323</subfield>
    <subfield code="r">2026-04-10 16:10:11</subfield>
    <subfield code="w">2026-04-10</subfield>
    <subfield code="y">RN</subfield>
  </datafield>
  <datafield tag="952" ind1=" " ind2=" ">
    <subfield code="0">0</subfield>
    <subfield code="1">0</subfield>
    <subfield code="4">0</subfield>
    <subfield code="7">0</subfield>
    <subfield code="a">BCEJYS</subfield>
    <subfield code="b">BCEJYS</subfield>
    <subfield code="c">1</subfield>
    <subfield code="d">2021-09-15</subfield>
    <subfield code="h">N&#xB0;108 - sep. 2021</subfield>
    <subfield code="l">0</subfield>
    <subfield code="o">H336.22 IMP 108</subfield>
    <subfield code="p">R23322</subfield>
    <subfield code="r">2026-04-10 16:10:11</subfield>
    <subfield code="w">2026-04-10</subfield>
    <subfield code="y">RN</subfield>
  </datafield>
  <datafield tag="952" ind1=" " ind2=" ">
    <subfield code="0">0</subfield>
    <subfield code="1">0</subfield>
    <subfield code="4">0</subfield>
    <subfield code="7">0</subfield>
    <subfield code="a">BCEJYS</subfield>
    <subfield code="b">BCEJYS</subfield>
    <subfield code="c">17</subfield>
    <subfield code="d">2021-09-01</subfield>
    <subfield code="h">N&#xB0;107 - set. 2021</subfield>
    <subfield code="l">0</subfield>
    <subfield code="o">H336.22 IMP 107</subfield>
    <subfield code="p">R23080</subfield>
    <subfield code="r">2026-04-10 16:10:11</subfield>
    <subfield code="w">2026-04-10</subfield>
    <subfield code="y">RN</subfield>
  </datafield>
  <datafield tag="952" ind1=" " ind2=" ">
    <subfield code="0">0</subfield>
    <subfield code="1">0</subfield>
    <subfield code="4">0</subfield>
    <subfield code="7">0</subfield>
    <subfield code="a">BCEJYS</subfield>
    <subfield code="b">BCEJYS</subfield>
    <subfield code="c">17</subfield>
    <subfield code="d">2021-08-15</subfield>
    <subfield code="h">N&#xB0;106 - ago. 2021</subfield>
    <subfield code="l">0</subfield>
    <subfield code="o">H336.22 IMP 106</subfield>
    <subfield code="p">R23079</subfield>
    <subfield code="r">2026-04-10 16:10:11</subfield>
    <subfield code="w">2026-04-10</subfield>
    <subfield code="y">RN</subfield>
  </datafield>
  <datafield tag="952" ind1=" " ind2=" ">
    <subfield code="0">0</subfield>
    <subfield code="1">0</subfield>
    <subfield code="4">0</subfield>
    <subfield code="7">0</subfield>
    <subfield code="a">BCEJYS</subfield>
    <subfield code="b">BCEJYS</subfield>
    <subfield code="c">1</subfield>
    <subfield code="d">2021-08-01</subfield>
    <subfield code="h">N&#xB0;105 - ago. 2021</subfield>
    <subfield code="l">0</subfield>
    <subfield code="o">H336.22 IMP 105</subfield>
    <subfield code="p">R23078</subfield>
    <subfield code="r">2026-04-10 16:10:11</subfield>
    <subfield code="w">2026-04-10</subfield>
    <subfield code="y">RN</subfield>
  </datafield>
  <datafield tag="952" ind1=" " ind2=" ">
    <subfield code="0">0</subfield>
    <subfield code="1">0</subfield>
    <subfield code="4">0</subfield>
    <subfield code="7">0</subfield>
    <subfield code="a">BCEJYS</subfield>
    <subfield code="b">BCEJYS</subfield>
    <subfield code="c">17</subfield>
    <subfield code="d">2021-07-15</subfield>
    <subfield code="h">N&#xB0;104 - jul. 2021</subfield>
    <subfield code="l">0</subfield>
    <subfield code="o">H336.22 IMP 104</subfield>
    <subfield code="p">R22662</subfield>
    <subfield code="r">2026-04-10 16:10:11</subfield>
    <subfield code="w">2026-04-10</subfield>
    <subfield code="y">RN</subfield>
  </datafield>
  <datafield tag="952" ind1=" " ind2=" ">
    <subfield code="0">0</subfield>
    <subfield code="1">0</subfield>
    <subfield code="4">0</subfield>
    <subfield code="7">0</subfield>
    <subfield code="a">BCEJYS</subfield>
    <subfield code="b">BCEJYS</subfield>
    <subfield code="c">17</subfield>
    <subfield code="d">2021-07-01</subfield>
    <subfield code="h">N&#xB0;103 - jul. 2021</subfield>
    <subfield code="l">0</subfield>
    <subfield code="o">H336.22 IMP 103</subfield>
    <subfield code="p">R22661</subfield>
    <subfield code="r">2026-04-10 16:10:11</subfield>
    <subfield code="w">2026-04-10</subfield>
    <subfield code="y">RN</subfield>
  </datafield>
  <datafield tag="952" ind1=" " ind2=" ">
    <subfield code="0">0</subfield>
    <subfield code="1">0</subfield>
    <subfield code="4">0</subfield>
    <subfield code="7">0</subfield>
    <subfield code="a">BCEJYS</subfield>
    <subfield code="b">BCEJYS</subfield>
    <subfield code="c">17</subfield>
    <subfield code="d">2021-06-15</subfield>
    <subfield code="h">N&#xB0;102 - jun. 2021</subfield>
    <subfield code="l">0</subfield>
    <subfield code="o">H336.22 IMP 102</subfield>
    <subfield code="p">R22660</subfield>
    <subfield code="r">2026-04-10 16:10:11</subfield>
    <subfield code="w">2026-04-10</subfield>
    <subfield code="y">RN</subfield>
  </datafield>
  <datafield tag="952" ind1=" " ind2=" ">
    <subfield code="0">0</subfield>
    <subfield code="1">0</subfield>
    <subfield code="4">0</subfield>
    <subfield code="7">0</subfield>
    <subfield code="a">BCEJYS</subfield>
    <subfield code="b">BCEJYS</subfield>
    <subfield code="c">17</subfield>
    <subfield code="d">2021-06-01</subfield>
    <subfield code="h">N&#xB0;101 - jun. 2021</subfield>
    <subfield code="l">0</subfield>
    <subfield code="o">H336.22 IMP 101</subfield>
    <subfield code="p">R22659</subfield>
    <subfield code="r">2026-04-10 16:10:11</subfield>
    <subfield code="w">2026-04-10</subfield>
    <subfield code="y">RN</subfield>
  </datafield>
  <datafield tag="952" ind1=" " ind2=" ">
    <subfield code="0">0</subfield>
    <subfield code="1">0</subfield>
    <subfield code="4">0</subfield>
    <subfield code="7">0</subfield>
    <subfield code="a">BCEJYS</subfield>
    <subfield code="b">BCEJYS</subfield>
    <subfield code="c">17</subfield>
    <subfield code="d">2021-05-15</subfield>
    <subfield code="h">N&#xB0;100 - mayo 2021</subfield>
    <subfield code="l">0</subfield>
    <subfield code="o">H336.22 IMP 100</subfield>
    <subfield code="p">R22658</subfield>
    <subfield code="r">2026-04-10 16:10:11</subfield>
    <subfield code="w">2026-04-10</subfield>
    <subfield code="y">RN</subfield>
  </datafield>
  <datafield tag="952" ind1=" " ind2=" ">
    <subfield code="0">0</subfield>
    <subfield code="1">0</subfield>
    <subfield code="4">0</subfield>
    <subfield code="7">0</subfield>
    <subfield code="a">BCEJYS</subfield>
    <subfield code="b">BCEJYS</subfield>
    <subfield code="c">17</subfield>
    <subfield code="d">2021-05-01</subfield>
    <subfield code="h">N&#xB0;99 - mayo 2021</subfield>
    <subfield code="l">0</subfield>
    <subfield code="o">H336.22 IMP 99</subfield>
    <subfield code="p">R22657</subfield>
    <subfield code="r">2026-04-10 16:10:11</subfield>
    <subfield code="w">2026-04-10</subfield>
    <subfield code="y">RN</subfield>
  </datafield>
  <datafield tag="952" ind1=" " ind2=" ">
    <subfield code="0">0</subfield>
    <subfield code="1">0</subfield>
    <subfield code="4">0</subfield>
    <subfield code="7">0</subfield>
    <subfield code="a">BCEJYS</subfield>
    <subfield code="b">BCEJYS</subfield>
    <subfield code="c">17</subfield>
    <subfield code="d">2021-04-15</subfield>
    <subfield code="h">N&#xB0; 98 - abr. 2021</subfield>
    <subfield code="l">0</subfield>
    <subfield code="o">H336.22 IMP 98</subfield>
    <subfield code="p">R22626</subfield>
    <subfield code="r">2026-04-10 16:10:11</subfield>
    <subfield code="w">2026-04-10</subfield>
    <subfield code="y">RN</subfield>
  </datafield>
  <datafield tag="952" ind1=" " ind2=" ">
    <subfield code="0">0</subfield>
    <subfield code="1">0</subfield>
    <subfield code="4">0</subfield>
    <subfield code="7">0</subfield>
    <subfield code="a">BCEJYS</subfield>
    <subfield code="b">BCEJYS</subfield>
    <subfield code="c">17</subfield>
    <subfield code="d">2021-04-01</subfield>
    <subfield code="h">N&#xB0; 97 - abr. 2021</subfield>
    <subfield code="l">0</subfield>
    <subfield code="o">H336.22 IMP 97</subfield>
    <subfield code="p">R22625</subfield>
    <subfield code="r">2026-04-10 16:10:11</subfield>
    <subfield code="w">2026-04-10</subfield>
    <subfield code="y">RN</subfield>
  </datafield>
  <datafield tag="952" ind1=" " ind2=" ">
    <subfield code="0">0</subfield>
    <subfield code="1">0</subfield>
    <subfield code="4">0</subfield>
    <subfield code="7">0</subfield>
    <subfield code="a">BCEJYS</subfield>
    <subfield code="b">BCEJYS</subfield>
    <subfield code="c">17</subfield>
    <subfield code="d">2021-03-15</subfield>
    <subfield code="h">N&#xB0; 96 - mar. 2021</subfield>
    <subfield code="l">0</subfield>
    <subfield code="o">H336.22 IMP 96</subfield>
    <subfield code="p">R22624</subfield>
    <subfield code="r">2026-04-10 16:10:11</subfield>
    <subfield code="w">2026-04-10</subfield>
    <subfield code="y">RN</subfield>
  </datafield>
  <datafield tag="952" ind1=" " ind2=" ">
    <subfield code="0">0</subfield>
    <subfield code="1">0</subfield>
    <subfield code="4">0</subfield>
    <subfield code="7">0</subfield>
    <subfield code="a">BCEJYS</subfield>
    <subfield code="b">BCEJYS</subfield>
    <subfield code="c">17</subfield>
    <subfield code="d">2021-03-01</subfield>
    <subfield code="h">N&#xB0; 95 - mar. 2021</subfield>
    <subfield code="l">0</subfield>
    <subfield code="o">H336.22 IMP 95</subfield>
    <subfield code="p">R22623</subfield>
    <subfield code="r">2026-04-10 16:10:11</subfield>
    <subfield code="w">2026-04-10</subfield>
    <subfield code="y">RN</subfield>
  </datafield>
  <datafield tag="952" ind1=" " ind2=" ">
    <subfield code="0">0</subfield>
    <subfield code="1">0</subfield>
    <subfield code="4">0</subfield>
    <subfield code="7">0</subfield>
    <subfield code="a">BCEJYS</subfield>
    <subfield code="b">BCEJYS</subfield>
    <subfield code="c">17</subfield>
    <subfield code="d">2021-02-15</subfield>
    <subfield code="h">N&#xB0;94 - feb. 2021</subfield>
    <subfield code="l">0</subfield>
    <subfield code="o">H336.22 IMP 94</subfield>
    <subfield code="p">R22605</subfield>
    <subfield code="r">2026-04-10 16:10:11</subfield>
    <subfield code="w">2026-04-10</subfield>
    <subfield code="y">RN</subfield>
  </datafield>
  <datafield tag="952" ind1=" " ind2=" ">
    <subfield code="0">0</subfield>
    <subfield code="1">0</subfield>
    <subfield code="4">0</subfield>
    <subfield code="7">0</subfield>
    <subfield code="a">BCEJYS</subfield>
    <subfield code="b">BCEJYS</subfield>
    <subfield code="c">17</subfield>
    <subfield code="d">2021-02-01</subfield>
    <subfield code="h">N&#xB0;93 - feb. 2021</subfield>
    <subfield code="l">0</subfield>
    <subfield code="o">H336.22 IMP 93</subfield>
    <subfield code="p">R22604</subfield>
    <subfield code="r">2026-04-10 16:10:11</subfield>
    <subfield code="w">2026-04-10</subfield>
    <subfield code="y">RN</subfield>
  </datafield>
  <datafield tag="952" ind1=" " ind2=" ">
    <subfield code="0">0</subfield>
    <subfield code="1">0</subfield>
    <subfield code="4">0</subfield>
    <subfield code="7">0</subfield>
    <subfield code="a">BCEJYS</subfield>
    <subfield code="b">BCEJYS</subfield>
    <subfield code="c">17</subfield>
    <subfield code="d">2021-01-15</subfield>
    <subfield code="h">N&#xB0;92 - ene. 2021</subfield>
    <subfield code="l">0</subfield>
    <subfield code="o">H336.22 IMP 92</subfield>
    <subfield code="p">R22603</subfield>
    <subfield code="r">2026-04-10 16:10:11</subfield>
    <subfield code="w">2026-04-10</subfield>
    <subfield code="y">RN</subfield>
  </datafield>
  <datafield tag="952" ind1=" " ind2=" ">
    <subfield code="0">0</subfield>
    <subfield code="1">0</subfield>
    <subfield code="4">0</subfield>
    <subfield code="7">0</subfield>
    <subfield code="a">BCEJYS</subfield>
    <subfield code="b">BCEJYS</subfield>
    <subfield code="c">1</subfield>
    <subfield code="d">2021-01-01</subfield>
    <subfield code="h">N&#xB0;91 - ene. 2021</subfield>
    <subfield code="l">0</subfield>
    <subfield code="o">H336.22 IMP 91</subfield>
    <subfield code="p">R22579</subfield>
    <subfield code="r">2026-04-10 16:10:11</subfield>
    <subfield code="w">2026-04-10</subfield>
    <subfield code="y">RN</subfield>
  </datafield>
  <datafield tag="952" ind1=" " ind2=" ">
    <subfield code="0">0</subfield>
    <subfield code="1">0</subfield>
    <subfield code="4">0</subfield>
    <subfield code="7">0</subfield>
    <subfield code="a">BCEJYS</subfield>
    <subfield code="b">BCEJYS</subfield>
    <subfield code="c">17</subfield>
    <subfield code="d">2020-12-15</subfield>
    <subfield code="h">N&#xB0;90 - dic. 2020</subfield>
    <subfield code="l">0</subfield>
    <subfield code="o">H336.22 IMP 90</subfield>
    <subfield code="p">R22578</subfield>
    <subfield code="r">2026-04-10 16:10:11</subfield>
    <subfield code="w">2026-04-10</subfield>
    <subfield code="y">RN</subfield>
  </datafield>
  <datafield tag="952" ind1=" " ind2=" ">
    <subfield code="0">0</subfield>
    <subfield code="1">0</subfield>
    <subfield code="4">0</subfield>
    <subfield code="7">0</subfield>
    <subfield code="a">BCEJYS</subfield>
    <subfield code="b">BCEJYS</subfield>
    <subfield code="c">17</subfield>
    <subfield code="d">2020-12-01</subfield>
    <subfield code="h">N&#xB0;89 - dic. 2020</subfield>
    <subfield code="l">0</subfield>
    <subfield code="o">H336.22 IMP 89</subfield>
    <subfield code="p">R22555</subfield>
    <subfield code="r">2026-04-10 16:10:11</subfield>
    <subfield code="w">2026-04-10</subfield>
    <subfield code="y">RN</subfield>
  </datafield>
  <datafield tag="952" ind1=" " ind2=" ">
    <subfield code="0">0</subfield>
    <subfield code="1">0</subfield>
    <subfield code="4">0</subfield>
    <subfield code="7">0</subfield>
    <subfield code="a">BCEJYS</subfield>
    <subfield code="b">BCEJYS</subfield>
    <subfield code="c">17</subfield>
    <subfield code="d">2020-11-15</subfield>
    <subfield code="h">N&#xB0;88 - nov. 2020</subfield>
    <subfield code="l">0</subfield>
    <subfield code="o">H336.22 IMP 88</subfield>
    <subfield code="p">R22554</subfield>
    <subfield code="r">2026-04-10 16:10:11</subfield>
    <subfield code="w">2026-04-10</subfield>
    <subfield code="y">RN</subfield>
  </datafield>
  <datafield tag="952" ind1=" " ind2=" ">
    <subfield code="0">0</subfield>
    <subfield code="1">0</subfield>
    <subfield code="4">0</subfield>
    <subfield code="7">0</subfield>
    <subfield code="a">BCEJYS</subfield>
    <subfield code="b">BCEJYS</subfield>
    <subfield code="c">17</subfield>
    <subfield code="d">2020-11-01</subfield>
    <subfield code="h">N&#xB0;87 - nov. 2020</subfield>
    <subfield code="l">0</subfield>
    <subfield code="o">H336.22 IMP 87</subfield>
    <subfield code="p">R22553</subfield>
    <subfield code="r">2026-04-10 16:10:11</subfield>
    <subfield code="w">2026-04-10</subfield>
    <subfield code="y">RN</subfield>
  </datafield>
  <datafield tag="952" ind1=" " ind2=" ">
    <subfield code="0">0</subfield>
    <subfield code="1">0</subfield>
    <subfield code="4">0</subfield>
    <subfield code="7">0</subfield>
    <subfield code="a">BCEJYS</subfield>
    <subfield code="b">BCEJYS</subfield>
    <subfield code="c">17</subfield>
    <subfield code="d">2020-10-15</subfield>
    <subfield code="h">N&#xB0;86 - oct. 2020</subfield>
    <subfield code="l">0</subfield>
    <subfield code="o">H336.22 IMP 86</subfield>
    <subfield code="p">R22552</subfield>
    <subfield code="r">2026-04-10 16:10:11</subfield>
    <subfield code="w">2026-04-10</subfield>
    <subfield code="y">RN</subfield>
  </datafield>
  <datafield tag="952" ind1=" " ind2=" ">
    <subfield code="0">0</subfield>
    <subfield code="1">0</subfield>
    <subfield code="4">0</subfield>
    <subfield code="7">0</subfield>
    <subfield code="a">BCEJYS</subfield>
    <subfield code="b">BCEJYS</subfield>
    <subfield code="c">17</subfield>
    <subfield code="d">2020-10-01</subfield>
    <subfield code="h">N&#xB0;85 - oct. 2020</subfield>
    <subfield code="l">0</subfield>
    <subfield code="o">H336.22 IMP 85</subfield>
    <subfield code="p">R22551</subfield>
    <subfield code="r">2026-04-10 16:10:11</subfield>
    <subfield code="w">2026-04-10</subfield>
    <subfield code="y">RN</subfield>
  </datafield>
  <datafield tag="952" ind1=" " ind2=" ">
    <subfield code="0">0</subfield>
    <subfield code="1">0</subfield>
    <subfield code="4">0</subfield>
    <subfield code="7">0</subfield>
    <subfield code="a">BCEJYS</subfield>
    <subfield code="b">BCEJYS</subfield>
    <subfield code="c">17</subfield>
    <subfield code="d">2020-09-15</subfield>
    <subfield code="h">N&#xB0;84 - sep. 2020</subfield>
    <subfield code="l">0</subfield>
    <subfield code="o">H336.22 IMP 84</subfield>
    <subfield code="p">R22550</subfield>
    <subfield code="r">2026-04-10 16:10:11</subfield>
    <subfield code="w">2026-04-10</subfield>
    <subfield code="y">RN</subfield>
  </datafield>
  <datafield tag="952" ind1=" " ind2=" ">
    <subfield code="0">0</subfield>
    <subfield code="1">0</subfield>
    <subfield code="4">0</subfield>
    <subfield code="7">0</subfield>
    <subfield code="a">BCEJYS</subfield>
    <subfield code="b">BCEJYS</subfield>
    <subfield code="c">17</subfield>
    <subfield code="d">2020-09-02</subfield>
    <subfield code="h">N&#xBA; 83/1 - sep. 2020</subfield>
    <subfield code="l">0</subfield>
    <subfield code="o">H336.22 IMP 83/1</subfield>
    <subfield code="p">R22582</subfield>
    <subfield code="r">2026-04-10 16:10:11</subfield>
    <subfield code="w">2026-04-10</subfield>
    <subfield code="y">RN</subfield>
  </datafield>
  <datafield tag="952" ind1=" " ind2=" ">
    <subfield code="0">0</subfield>
    <subfield code="1">0</subfield>
    <subfield code="4">0</subfield>
    <subfield code="7">0</subfield>
    <subfield code="a">BCEJYS</subfield>
    <subfield code="b">BCEJYS</subfield>
    <subfield code="c">17</subfield>
    <subfield code="d">2020-09-02</subfield>
    <subfield code="h">N&#xBA; 83/1 - sep. 2020</subfield>
    <subfield code="l">0</subfield>
    <subfield code="o">H336.22 IMP 83/1 Ej.2</subfield>
    <subfield code="p">R22583</subfield>
    <subfield code="r">2026-04-10 16:10:11</subfield>
    <subfield code="w">2026-04-10</subfield>
    <subfield code="y">RN</subfield>
  </datafield>
  <datafield tag="952" ind1=" " ind2=" ">
    <subfield code="0">0</subfield>
    <subfield code="1">0</subfield>
    <subfield code="4">0</subfield>
    <subfield code="7">0</subfield>
    <subfield code="a">BCEJYS</subfield>
    <subfield code="b">BCEJYS</subfield>
    <subfield code="c">17</subfield>
    <subfield code="d">2020-09-01</subfield>
    <subfield code="h">N&#xB0;83 - sep. 2020</subfield>
    <subfield code="l">0</subfield>
    <subfield code="o">H336.22 IMP 83</subfield>
    <subfield code="p">R22483</subfield>
    <subfield code="r">2026-04-10 16:10:11</subfield>
    <subfield code="w">2026-04-10</subfield>
    <subfield code="y">RN</subfield>
  </datafield>
  <datafield tag="952" ind1=" " ind2=" ">
    <subfield code="0">0</subfield>
    <subfield code="1">0</subfield>
    <subfield code="4">0</subfield>
    <subfield code="7">0</subfield>
    <subfield code="a">BCEJYS</subfield>
    <subfield code="b">BCEJYS</subfield>
    <subfield code="c">17</subfield>
    <subfield code="d">2020-08-15</subfield>
    <subfield code="h">N&#xB0;82 - ago. 2020</subfield>
    <subfield code="l">0</subfield>
    <subfield code="o">H336.22 IMP 82</subfield>
    <subfield code="p">R22549</subfield>
    <subfield code="r">2026-04-10 16:10:11</subfield>
    <subfield code="w">2026-04-10</subfield>
    <subfield code="y">RN</subfield>
  </datafield>
  <datafield tag="952" ind1=" " ind2=" ">
    <subfield code="0">0</subfield>
    <subfield code="1">0</subfield>
    <subfield code="4">0</subfield>
    <subfield code="7">0</subfield>
    <subfield code="a">BCEJYS</subfield>
    <subfield code="b">BCEJYS</subfield>
    <subfield code="c">17</subfield>
    <subfield code="d">2020-08-01</subfield>
    <subfield code="h">N&#xB0;81 - ago. 2020</subfield>
    <subfield code="l">0</subfield>
    <subfield code="o">H336.22 IMP 81</subfield>
    <subfield code="p">R22548</subfield>
    <subfield code="r">2026-04-10 16:10:11</subfield>
    <subfield code="w">2026-04-10</subfield>
    <subfield code="y">RN</subfield>
  </datafield>
  <datafield tag="952" ind1=" " ind2=" ">
    <subfield code="0">0</subfield>
    <subfield code="1">0</subfield>
    <subfield code="4">0</subfield>
    <subfield code="7">0</subfield>
    <subfield code="a">BCEJYS</subfield>
    <subfield code="b">BCEJYS</subfield>
    <subfield code="c">17</subfield>
    <subfield code="d">2020-07-15</subfield>
    <subfield code="h">N&#xB0;80 - jul. 2020</subfield>
    <subfield code="l">0</subfield>
    <subfield code="o">H336.22 IMP 80</subfield>
    <subfield code="p">R22547</subfield>
    <subfield code="r">2026-04-10 16:10:11</subfield>
    <subfield code="w">2026-04-10</subfield>
    <subfield code="y">RN</subfield>
  </datafield>
  <datafield tag="952" ind1=" " ind2=" ">
    <subfield code="0">0</subfield>
    <subfield code="1">0</subfield>
    <subfield code="4">0</subfield>
    <subfield code="7">0</subfield>
    <subfield code="a">BCEJYS</subfield>
    <subfield code="b">BCEJYS</subfield>
    <subfield code="c">17</subfield>
    <subfield code="d">2020-07-01</subfield>
    <subfield code="h">N&#xB0;79 - jul. 2020</subfield>
    <subfield code="l">0</subfield>
    <subfield code="o">H336.22 IMP 79</subfield>
    <subfield code="p">R22546</subfield>
    <subfield code="r">2026-04-10 16:10:11</subfield>
    <subfield code="w">2026-04-10</subfield>
    <subfield code="y">RN</subfield>
  </datafield>
  <datafield tag="952" ind1=" " ind2=" ">
    <subfield code="0">0</subfield>
    <subfield code="1">0</subfield>
    <subfield code="4">0</subfield>
    <subfield code="7">0</subfield>
    <subfield code="a">BCEJYS</subfield>
    <subfield code="b">BCEJYS</subfield>
    <subfield code="c">17</subfield>
    <subfield code="d">2020-06-15</subfield>
    <subfield code="h">N&#xB0;78 - jun. 2020</subfield>
    <subfield code="l">0</subfield>
    <subfield code="o">H336.22 IMP 78</subfield>
    <subfield code="p">R22545</subfield>
    <subfield code="r">2026-04-10 16:10:11</subfield>
    <subfield code="w">2026-04-10</subfield>
    <subfield code="y">RN</subfield>
  </datafield>
  <datafield tag="952" ind1=" " ind2=" ">
    <subfield code="0">0</subfield>
    <subfield code="1">0</subfield>
    <subfield code="4">0</subfield>
    <subfield code="7">0</subfield>
    <subfield code="a">BCEJYS</subfield>
    <subfield code="b">BCEJYS</subfield>
    <subfield code="c">17</subfield>
    <subfield code="d">2020-06-01</subfield>
    <subfield code="h">N&#xB0;77 - jun. 2020</subfield>
    <subfield code="l">0</subfield>
    <subfield code="o">H336.22 IMP 77</subfield>
    <subfield code="p">R22544</subfield>
    <subfield code="r">2026-04-10 16:10:11</subfield>
    <subfield code="w">2026-04-10</subfield>
    <subfield code="y">RN</subfield>
  </datafield>
  <datafield tag="952" ind1=" " ind2=" ">
    <subfield code="0">0</subfield>
    <subfield code="1">0</subfield>
    <subfield code="4">0</subfield>
    <subfield code="7">0</subfield>
    <subfield code="a">BCEJYS</subfield>
    <subfield code="b">BCEJYS</subfield>
    <subfield code="c">17</subfield>
    <subfield code="d">2020-05-15</subfield>
    <subfield code="h">N&#xB0;76 - mayo 2020</subfield>
    <subfield code="l">0</subfield>
    <subfield code="o">H336.22 IMP 76</subfield>
    <subfield code="p">R22543</subfield>
    <subfield code="r">2026-04-10 16:10:11</subfield>
    <subfield code="w">2026-04-10</subfield>
    <subfield code="y">RN</subfield>
  </datafield>
  <datafield tag="952" ind1=" " ind2=" ">
    <subfield code="0">0</subfield>
    <subfield code="1">0</subfield>
    <subfield code="4">0</subfield>
    <subfield code="7">0</subfield>
    <subfield code="a">BCEJYS</subfield>
    <subfield code="b">BCEJYS</subfield>
    <subfield code="c">17</subfield>
    <subfield code="d">2020-05-01</subfield>
    <subfield code="h">N&#xB0;75 - mayo 2020</subfield>
    <subfield code="l">0</subfield>
    <subfield code="o">H336.22 IMP 75</subfield>
    <subfield code="p">R22542</subfield>
    <subfield code="r">2026-04-10 16:10:11</subfield>
    <subfield code="w">2026-04-10</subfield>
    <subfield code="y">RN</subfield>
  </datafield>
  <datafield tag="952" ind1=" " ind2=" ">
    <subfield code="0">0</subfield>
    <subfield code="1">0</subfield>
    <subfield code="4">0</subfield>
    <subfield code="7">0</subfield>
    <subfield code="a">BCEJYS</subfield>
    <subfield code="b">BCEJYS</subfield>
    <subfield code="c">17</subfield>
    <subfield code="d">2020-04-15</subfield>
    <subfield code="h">N&#xB0;74 - abr. 2020</subfield>
    <subfield code="l">0</subfield>
    <subfield code="o">H336.22 IMP 74</subfield>
    <subfield code="p">R22541</subfield>
    <subfield code="r">2026-04-10 16:10:11</subfield>
    <subfield code="w">2026-04-10</subfield>
    <subfield code="y">RN</subfield>
  </datafield>
  <datafield tag="952" ind1=" " ind2=" ">
    <subfield code="0">0</subfield>
    <subfield code="1">0</subfield>
    <subfield code="4">0</subfield>
    <subfield code="7">0</subfield>
    <subfield code="a">BCEJYS</subfield>
    <subfield code="b">BCEJYS</subfield>
    <subfield code="c">17</subfield>
    <subfield code="d">2020-04-01</subfield>
    <subfield code="h">N&#xB0;73 - abr. 2020</subfield>
    <subfield code="l">0</subfield>
    <subfield code="o">H336.22 IMP 73</subfield>
    <subfield code="p">R22540</subfield>
    <subfield code="r">2026-04-10 16:10:11</subfield>
    <subfield code="w">2026-04-10</subfield>
    <subfield code="y">RN</subfield>
  </datafield>
  <datafield tag="952" ind1=" " ind2=" ">
    <subfield code="0">0</subfield>
    <subfield code="1">0</subfield>
    <subfield code="4">0</subfield>
    <subfield code="7">0</subfield>
    <subfield code="a">BCEJYS</subfield>
    <subfield code="b">BCEJYS</subfield>
    <subfield code="c">17</subfield>
    <subfield code="d">2020-03-15</subfield>
    <subfield code="h">N&#xB0;72 - mar. 2020</subfield>
    <subfield code="l">0</subfield>
    <subfield code="o">H336.22 IMP 72</subfield>
    <subfield code="p">R22539</subfield>
    <subfield code="r">2026-04-10 16:10:11</subfield>
    <subfield code="w">2026-04-10</subfield>
    <subfield code="y">RN</subfield>
  </datafield>
  <datafield tag="952" ind1=" " ind2=" ">
    <subfield code="0">0</subfield>
    <subfield code="1">0</subfield>
    <subfield code="4">0</subfield>
    <subfield code="7">0</subfield>
    <subfield code="a">BCEJYS</subfield>
    <subfield code="b">BCEJYS</subfield>
    <subfield code="c">17</subfield>
    <subfield code="d">2020-03-01</subfield>
    <subfield code="h">N&#xB0; 71 - mar. 2020</subfield>
    <subfield code="l">0</subfield>
    <subfield code="o">H336.22 IMP 71</subfield>
    <subfield code="p">R22395</subfield>
    <subfield code="r">2026-04-10 16:10:11</subfield>
    <subfield code="w">2026-04-10</subfield>
    <subfield code="y">RN</subfield>
  </datafield>
  <datafield tag="952" ind1=" " ind2=" ">
    <subfield code="0">0</subfield>
    <subfield code="1">0</subfield>
    <subfield code="4">0</subfield>
    <subfield code="7">0</subfield>
    <subfield code="a">BCEJYS</subfield>
    <subfield code="b">BCEJYS</subfield>
    <subfield code="c">17</subfield>
    <subfield code="d">2020-02-15</subfield>
    <subfield code="h">N&#xB0;70 - feb. 2020</subfield>
    <subfield code="l">0</subfield>
    <subfield code="o">H336.22 IMP 70</subfield>
    <subfield code="p">R22388</subfield>
    <subfield code="r">2026-04-10 16:10:11</subfield>
    <subfield code="w">2026-04-10</subfield>
    <subfield code="y">RN</subfield>
  </datafield>
  <datafield tag="952" ind1=" " ind2=" ">
    <subfield code="0">0</subfield>
    <subfield code="1">0</subfield>
    <subfield code="4">0</subfield>
    <subfield code="7">0</subfield>
    <subfield code="a">BCEJYS</subfield>
    <subfield code="b">BCEJYS</subfield>
    <subfield code="c">17</subfield>
    <subfield code="d">2020-02-01</subfield>
    <subfield code="h">N&#xB0;69 - feb. 2020</subfield>
    <subfield code="l">0</subfield>
    <subfield code="o">H336.22 IMP 69</subfield>
    <subfield code="p">R22387</subfield>
    <subfield code="r">2026-04-10 16:10:11</subfield>
    <subfield code="w">2026-04-10</subfield>
    <subfield code="y">RN</subfield>
  </datafield>
  <datafield tag="952" ind1=" " ind2=" ">
    <subfield code="0">0</subfield>
    <subfield code="1">0</subfield>
    <subfield code="4">0</subfield>
    <subfield code="7">0</subfield>
    <subfield code="a">BCEJYS</subfield>
    <subfield code="b">BCEJYS</subfield>
    <subfield code="c">17</subfield>
    <subfield code="d">2020-01-15</subfield>
    <subfield code="h">N&#xB0;68 - ene. 2020</subfield>
    <subfield code="l">0</subfield>
    <subfield code="o">H336.22 IMP 68</subfield>
    <subfield code="p">R22363</subfield>
    <subfield code="r">2026-04-10 16:10:11</subfield>
    <subfield code="w">2026-04-10</subfield>
    <subfield code="y">RN</subfield>
  </datafield>
  <datafield tag="952" ind1=" " ind2=" ">
    <subfield code="0">0</subfield>
    <subfield code="1">0</subfield>
    <subfield code="4">0</subfield>
    <subfield code="7">0</subfield>
    <subfield code="a">BCEJYS</subfield>
    <subfield code="b">BCEJYS</subfield>
    <subfield code="c">17</subfield>
    <subfield code="d">2020-01-02</subfield>
    <subfield code="h">N&#xBA; 67/1 - ene. 2020</subfield>
    <subfield code="l">0</subfield>
    <subfield code="o">336.22 IMP 67/1</subfield>
    <subfield code="p">R22382</subfield>
    <subfield code="r">2026-04-10 16:10:11</subfield>
    <subfield code="w">2026-04-10</subfield>
    <subfield code="y">RN</subfield>
  </datafield>
  <datafield tag="952" ind1=" " ind2=" ">
    <subfield code="0">0</subfield>
    <subfield code="1">0</subfield>
    <subfield code="4">0</subfield>
    <subfield code="7">0</subfield>
    <subfield code="a">BCEJYS</subfield>
    <subfield code="b">BCEJYS</subfield>
    <subfield code="c">17</subfield>
    <subfield code="d">2020-01-02</subfield>
    <subfield code="h">N&#xBA; 67/1 - ene. 2020</subfield>
    <subfield code="l">0</subfield>
    <subfield code="o">336.22 IMP 67/1 Ej.2</subfield>
    <subfield code="p">R22512</subfield>
    <subfield code="r">2026-04-10 16:10:11</subfield>
    <subfield code="w">2026-04-10</subfield>
    <subfield code="y">RN</subfield>
  </datafield>
  <datafield tag="952" ind1=" " ind2=" ">
    <subfield code="0">0</subfield>
    <subfield code="1">0</subfield>
    <subfield code="4">0</subfield>
    <subfield code="7">0</subfield>
    <subfield code="a">BCEJYS</subfield>
    <subfield code="b">BCEJYS</subfield>
    <subfield code="c">17</subfield>
    <subfield code="d">2020-01-01</subfield>
    <subfield code="h">N&#xB0;67 - ene. 2020</subfield>
    <subfield code="l">0</subfield>
    <subfield code="o">H336.22 IMP 67</subfield>
    <subfield code="p">R22362</subfield>
    <subfield code="r">2026-04-10 16:10:11</subfield>
    <subfield code="w">2026-04-10</subfield>
    <subfield code="y">RN</subfield>
  </datafield>
  <datafield tag="952" ind1=" " ind2=" ">
    <subfield code="0">0</subfield>
    <subfield code="1">0</subfield>
    <subfield code="4">0</subfield>
    <subfield code="7">0</subfield>
    <subfield code="a">BCEJYS</subfield>
    <subfield code="b">BCEJYS</subfield>
    <subfield code="c">17</subfield>
    <subfield code="d">2019-12-15</subfield>
    <subfield code="h">N&#xB0;66 - dic. 2019</subfield>
    <subfield code="l">0</subfield>
    <subfield code="o">H336.22 IMP 66</subfield>
    <subfield code="p">R22482</subfield>
    <subfield code="r">2026-04-10 16:10:11</subfield>
    <subfield code="w">2026-04-10</subfield>
    <subfield code="y">RN</subfield>
  </datafield>
  <datafield tag="952" ind1=" " ind2=" ">
    <subfield code="0">0</subfield>
    <subfield code="1">0</subfield>
    <subfield code="4">0</subfield>
    <subfield code="7">0</subfield>
    <subfield code="a">BCEJYS</subfield>
    <subfield code="b">BCEJYS</subfield>
    <subfield code="c">17</subfield>
    <subfield code="d">2019-12-01</subfield>
    <subfield code="h">N&#xB0;65 - dic. 2019</subfield>
    <subfield code="l">0</subfield>
    <subfield code="o">H336.22 IMP 65</subfield>
    <subfield code="p">R22361</subfield>
    <subfield code="r">2026-04-10 16:10:11</subfield>
    <subfield code="w">2026-04-10</subfield>
    <subfield code="y">RN</subfield>
  </datafield>
  <datafield tag="952" ind1=" " ind2=" ">
    <subfield code="0">0</subfield>
    <subfield code="1">0</subfield>
    <subfield code="4">0</subfield>
    <subfield code="7">0</subfield>
    <subfield code="a">BCEJYS</subfield>
    <subfield code="b">BCEJYS</subfield>
    <subfield code="c">17</subfield>
    <subfield code="d">2019-11-15</subfield>
    <subfield code="h">N&#xB0;64 - nov. 2019</subfield>
    <subfield code="l">0</subfield>
    <subfield code="o">H336.22 IMP 64</subfield>
    <subfield code="p">R22352</subfield>
    <subfield code="r">2026-04-10 16:10:11</subfield>
    <subfield code="w">2026-04-10</subfield>
    <subfield code="y">RN</subfield>
  </datafield>
  <datafield tag="952" ind1=" " ind2=" ">
    <subfield code="0">0</subfield>
    <subfield code="1">0</subfield>
    <subfield code="4">0</subfield>
    <subfield code="7">0</subfield>
    <subfield code="a">BCEJYS</subfield>
    <subfield code="b">BCEJYS</subfield>
    <subfield code="c">17</subfield>
    <subfield code="d">2019-11-01</subfield>
    <subfield code="h">N&#xB0;63 - nov. 2019</subfield>
    <subfield code="l">0</subfield>
    <subfield code="o">H336.22 IMP 63</subfield>
    <subfield code="p">R22360</subfield>
    <subfield code="r">2026-04-10 16:10:11</subfield>
    <subfield code="w">2026-04-10</subfield>
    <subfield code="y">RN</subfield>
  </datafield>
  <datafield tag="952" ind1=" " ind2=" ">
    <subfield code="0">0</subfield>
    <subfield code="1">0</subfield>
    <subfield code="4">0</subfield>
    <subfield code="7">0</subfield>
    <subfield code="a">BCEJYS</subfield>
    <subfield code="b">BCEJYS</subfield>
    <subfield code="c">17</subfield>
    <subfield code="d">2019-10-15</subfield>
    <subfield code="h">N&#xB0;62 - oct. 2019</subfield>
    <subfield code="l">0</subfield>
    <subfield code="o">H336.22 IMP 62</subfield>
    <subfield code="p">R22318</subfield>
    <subfield code="r">2026-04-10 16:10:11</subfield>
    <subfield code="w">2026-04-10</subfield>
    <subfield code="y">RN</subfield>
  </datafield>
  <datafield tag="952" ind1=" " ind2=" ">
    <subfield code="0">0</subfield>
    <subfield code="1">0</subfield>
    <subfield code="4">0</subfield>
    <subfield code="7">0</subfield>
    <subfield code="a">BCEJYS</subfield>
    <subfield code="b">BCEJYS</subfield>
    <subfield code="c">17</subfield>
    <subfield code="d">2019-10-01</subfield>
    <subfield code="h">N&#xB0;61 - oct. 2019</subfield>
    <subfield code="l">0</subfield>
    <subfield code="o">H336.22 IMP 61</subfield>
    <subfield code="p">R22317</subfield>
    <subfield code="r">2026-04-10 16:10:11</subfield>
    <subfield code="w">2026-04-10</subfield>
    <subfield code="y">RN</subfield>
  </datafield>
  <datafield tag="952" ind1=" " ind2=" ">
    <subfield code="0">0</subfield>
    <subfield code="1">0</subfield>
    <subfield code="4">0</subfield>
    <subfield code="7">0</subfield>
    <subfield code="a">BCEJYS</subfield>
    <subfield code="b">BCEJYS</subfield>
    <subfield code="c">17</subfield>
    <subfield code="d">2019-09-15</subfield>
    <subfield code="h">N&#xB0;60 - sep. 2019</subfield>
    <subfield code="l">0</subfield>
    <subfield code="o">H336.22 IMP 60</subfield>
    <subfield code="p">R22316</subfield>
    <subfield code="r">2026-04-10 16:10:11</subfield>
    <subfield code="w">2026-04-10</subfield>
    <subfield code="y">RN</subfield>
  </datafield>
  <datafield tag="952" ind1=" " ind2=" ">
    <subfield code="0">0</subfield>
    <subfield code="1">0</subfield>
    <subfield code="4">0</subfield>
    <subfield code="7">0</subfield>
    <subfield code="a">BCEJYS</subfield>
    <subfield code="b">BCEJYS</subfield>
    <subfield code="c">17</subfield>
    <subfield code="d">2019-09-01</subfield>
    <subfield code="h">N&#xB0;59 - sep. 2019</subfield>
    <subfield code="l">0</subfield>
    <subfield code="o">H336.22 IMP 59</subfield>
    <subfield code="p">R22315</subfield>
    <subfield code="r">2026-04-10 16:10:11</subfield>
    <subfield code="w">2026-04-10</subfield>
    <subfield code="y">RN</subfield>
  </datafield>
  <datafield tag="952" ind1=" " ind2=" ">
    <subfield code="0">0</subfield>
    <subfield code="1">0</subfield>
    <subfield code="4">0</subfield>
    <subfield code="7">0</subfield>
    <subfield code="a">BCEJYS</subfield>
    <subfield code="b">BCEJYS</subfield>
    <subfield code="c">17</subfield>
    <subfield code="d">2019-08-15</subfield>
    <subfield code="h">N&#xB0;58 - ago. 2019</subfield>
    <subfield code="l">0</subfield>
    <subfield code="o">H336.22 IMP 58</subfield>
    <subfield code="p">R22256</subfield>
    <subfield code="r">2026-04-10 16:10:11</subfield>
    <subfield code="w">2026-04-10</subfield>
    <subfield code="y">RN</subfield>
  </datafield>
  <datafield tag="952" ind1=" " ind2=" ">
    <subfield code="0">0</subfield>
    <subfield code="1">0</subfield>
    <subfield code="4">0</subfield>
    <subfield code="7">0</subfield>
    <subfield code="a">BCEJYS</subfield>
    <subfield code="b">BCEJYS</subfield>
    <subfield code="c">17</subfield>
    <subfield code="d">2019-08-01</subfield>
    <subfield code="h">N&#xB0;57 - ago. 2019</subfield>
    <subfield code="l">0</subfield>
    <subfield code="o">H336.22 IMP 57</subfield>
    <subfield code="p">R22255</subfield>
    <subfield code="r">2026-04-10 16:10:11</subfield>
    <subfield code="w">2026-04-10</subfield>
    <subfield code="y">RN</subfield>
  </datafield>
  <datafield tag="952" ind1=" " ind2=" ">
    <subfield code="0">0</subfield>
    <subfield code="1">0</subfield>
    <subfield code="4">0</subfield>
    <subfield code="7">0</subfield>
    <subfield code="a">BCEJYS</subfield>
    <subfield code="b">BCEJYS</subfield>
    <subfield code="c">17</subfield>
    <subfield code="d">2019-07-15</subfield>
    <subfield code="h">N&#xB0;56 - jul. 2019</subfield>
    <subfield code="l">0</subfield>
    <subfield code="o">H336.22 IMP 56</subfield>
    <subfield code="p">R22254</subfield>
    <subfield code="r">2026-04-10 16:10:11</subfield>
    <subfield code="w">2026-04-10</subfield>
    <subfield code="y">RN</subfield>
  </datafield>
  <datafield tag="952" ind1=" " ind2=" ">
    <subfield code="0">0</subfield>
    <subfield code="1">0</subfield>
    <subfield code="4">0</subfield>
    <subfield code="7">0</subfield>
    <subfield code="a">BCEJYS</subfield>
    <subfield code="b">BCEJYS</subfield>
    <subfield code="c">17</subfield>
    <subfield code="d">2019-07-01</subfield>
    <subfield code="h">N&#xB0;55 - jul. 2019</subfield>
    <subfield code="l">0</subfield>
    <subfield code="o">H336.22 IMP 55</subfield>
    <subfield code="p">R22253</subfield>
    <subfield code="r">2026-04-10 16:10:11</subfield>
    <subfield code="w">2026-04-10</subfield>
    <subfield code="y">RN</subfield>
  </datafield>
  <datafield tag="952" ind1=" " ind2=" ">
    <subfield code="0">0</subfield>
    <subfield code="1">0</subfield>
    <subfield code="4">0</subfield>
    <subfield code="7">0</subfield>
    <subfield code="a">BCEJYS</subfield>
    <subfield code="b">BCEJYS</subfield>
    <subfield code="c">17</subfield>
    <subfield code="d">2019-06-15</subfield>
    <subfield code="h">N&#xB0;54 - jun. 2019</subfield>
    <subfield code="l">0</subfield>
    <subfield code="o">H336.22 IMP 54</subfield>
    <subfield code="p">R22233</subfield>
    <subfield code="r">2026-04-10 16:10:11</subfield>
    <subfield code="w">2026-04-10</subfield>
    <subfield code="y">RN</subfield>
  </datafield>
  <datafield tag="952" ind1=" " ind2=" ">
    <subfield code="0">0</subfield>
    <subfield code="1">0</subfield>
    <subfield code="4">0</subfield>
    <subfield code="7">0</subfield>
    <subfield code="a">BCEJYS</subfield>
    <subfield code="b">BCEJYS</subfield>
    <subfield code="c">17</subfield>
    <subfield code="d">2019-06-01</subfield>
    <subfield code="h">N&#xB0;53 - jun. 2019</subfield>
    <subfield code="l">0</subfield>
    <subfield code="o">H336.22 IMP 53</subfield>
    <subfield code="p">R22232</subfield>
    <subfield code="r">2026-04-10 16:10:11</subfield>
    <subfield code="w">2026-04-10</subfield>
    <subfield code="y">RN</subfield>
  </datafield>
  <datafield tag="952" ind1=" " ind2=" ">
    <subfield code="0">0</subfield>
    <subfield code="1">0</subfield>
    <subfield code="4">0</subfield>
    <subfield code="7">0</subfield>
    <subfield code="a">BCEJYS</subfield>
    <subfield code="b">BCEJYS</subfield>
    <subfield code="c">17</subfield>
    <subfield code="d">2019-05-15</subfield>
    <subfield code="h">N&#xB0;52 - mayo 2019</subfield>
    <subfield code="l">0</subfield>
    <subfield code="o">H336.22 IMP 52</subfield>
    <subfield code="p">R22224</subfield>
    <subfield code="r">2026-04-10 16:10:11</subfield>
    <subfield code="w">2026-04-10</subfield>
    <subfield code="y">RN</subfield>
  </datafield>
  <datafield tag="952" ind1=" " ind2=" ">
    <subfield code="0">0</subfield>
    <subfield code="1">0</subfield>
    <subfield code="4">0</subfield>
    <subfield code="7">0</subfield>
    <subfield code="a">BCEJYS</subfield>
    <subfield code="b">BCEJYS</subfield>
    <subfield code="c">17</subfield>
    <subfield code="d">2019-05-01</subfield>
    <subfield code="h">N&#xB0;51 - mayo 2019</subfield>
    <subfield code="l">0</subfield>
    <subfield code="o">H336.22 IMP 51</subfield>
    <subfield code="p">R22231</subfield>
    <subfield code="r">2026-04-10 16:10:11</subfield>
    <subfield code="w">2026-04-10</subfield>
    <subfield code="y">RN</subfield>
  </datafield>
  <datafield tag="952" ind1=" " ind2=" ">
    <subfield code="0">0</subfield>
    <subfield code="1">0</subfield>
    <subfield code="4">0</subfield>
    <subfield code="7">0</subfield>
    <subfield code="a">BCEJYS</subfield>
    <subfield code="b">BCEJYS</subfield>
    <subfield code="c">17</subfield>
    <subfield code="d">2019-04-15</subfield>
    <subfield code="h">N&#xB0;50 - abr. 2019</subfield>
    <subfield code="l">0</subfield>
    <subfield code="o">H336.22 IMP 50</subfield>
    <subfield code="p">R22190</subfield>
    <subfield code="r">2026-04-10 16:10:11</subfield>
    <subfield code="w">2026-04-10</subfield>
    <subfield code="y">RN</subfield>
  </datafield>
  <datafield tag="952" ind1=" " ind2=" ">
    <subfield code="0">0</subfield>
    <subfield code="1">0</subfield>
    <subfield code="4">0</subfield>
    <subfield code="7">0</subfield>
    <subfield code="a">BCEJYS</subfield>
    <subfield code="b">BCEJYS</subfield>
    <subfield code="c">17</subfield>
    <subfield code="d">2019-04-01</subfield>
    <subfield code="h">N&#xB0;49 - abr. 2019</subfield>
    <subfield code="l">0</subfield>
    <subfield code="o">H336.22 IMP 49</subfield>
    <subfield code="p">R22189</subfield>
    <subfield code="r">2026-04-10 16:10:11</subfield>
    <subfield code="w">2026-04-10</subfield>
    <subfield code="y">RN</subfield>
  </datafield>
  <datafield tag="952" ind1=" " ind2=" ">
    <subfield code="0">0</subfield>
    <subfield code="1">0</subfield>
    <subfield code="4">0</subfield>
    <subfield code="7">0</subfield>
    <subfield code="a">BCEJYS</subfield>
    <subfield code="b">BCEJYS</subfield>
    <subfield code="c">17</subfield>
    <subfield code="d">2019-03-15</subfield>
    <subfield code="h">N&#xB0;48 - mar. 2019</subfield>
    <subfield code="l">0</subfield>
    <subfield code="o">H336.22 IMP 48</subfield>
    <subfield code="p">R22188</subfield>
    <subfield code="r">2026-04-10 16:10:11</subfield>
    <subfield code="w">2026-04-10</subfield>
    <subfield code="y">RN</subfield>
  </datafield>
  <datafield tag="952" ind1=" " ind2=" ">
    <subfield code="0">0</subfield>
    <subfield code="1">0</subfield>
    <subfield code="4">0</subfield>
    <subfield code="7">0</subfield>
    <subfield code="a">BCEJYS</subfield>
    <subfield code="b">BCEJYS</subfield>
    <subfield code="c">17</subfield>
    <subfield code="d">2019-03-01</subfield>
    <subfield code="h">N&#xB0;47 - mar. 2019</subfield>
    <subfield code="l">0</subfield>
    <subfield code="o">H336.22 IMP 47</subfield>
    <subfield code="p">R22187</subfield>
    <subfield code="r">2026-04-10 16:10:11</subfield>
    <subfield code="w">2026-04-10</subfield>
    <subfield code="y">RN</subfield>
  </datafield>
  <datafield tag="952" ind1=" " ind2=" ">
    <subfield code="0">0</subfield>
    <subfield code="1">0</subfield>
    <subfield code="4">0</subfield>
    <subfield code="7">0</subfield>
    <subfield code="a">BCEJYS</subfield>
    <subfield code="b">BCEJYS</subfield>
    <subfield code="c">17</subfield>
    <subfield code="d">2019-02-15</subfield>
    <subfield code="h">N&#xB0;46 - feb. 2019</subfield>
    <subfield code="l">0</subfield>
    <subfield code="o">H336.22 IMP 46</subfield>
    <subfield code="p">R22145</subfield>
    <subfield code="r">2026-04-10 16:10:11</subfield>
    <subfield code="w">2026-04-10</subfield>
    <subfield code="y">RN</subfield>
  </datafield>
  <datafield tag="952" ind1=" " ind2=" ">
    <subfield code="0">0</subfield>
    <subfield code="1">0</subfield>
    <subfield code="4">0</subfield>
    <subfield code="7">0</subfield>
    <subfield code="a">BCEJYS</subfield>
    <subfield code="b">BCEJYS</subfield>
    <subfield code="c">17</subfield>
    <subfield code="d">2019-02-01</subfield>
    <subfield code="h">N&#xB0;45 - feb. 2019</subfield>
    <subfield code="l">0</subfield>
    <subfield code="o">H336.22 IMP 45</subfield>
    <subfield code="p">R22144</subfield>
    <subfield code="r">2026-04-10 16:10:11</subfield>
    <subfield code="w">2026-04-10</subfield>
    <subfield code="y">RN</subfield>
  </datafield>
  <datafield tag="952" ind1=" " ind2=" ">
    <subfield code="0">0</subfield>
    <subfield code="1">0</subfield>
    <subfield code="4">0</subfield>
    <subfield code="7">0</subfield>
    <subfield code="a">BCEJYS</subfield>
    <subfield code="b">BCEJYS</subfield>
    <subfield code="c">17</subfield>
    <subfield code="d">2019-01-15</subfield>
    <subfield code="h">N&#xB0;44 - ene. 2019</subfield>
    <subfield code="l">0</subfield>
    <subfield code="o">H336.22 IMP 44</subfield>
    <subfield code="p">R22143</subfield>
    <subfield code="r">2026-04-10 16:10:11</subfield>
    <subfield code="w">2026-04-10</subfield>
    <subfield code="y">RN</subfield>
  </datafield>
  <datafield tag="952" ind1=" " ind2=" ">
    <subfield code="0">0</subfield>
    <subfield code="1">0</subfield>
    <subfield code="4">0</subfield>
    <subfield code="7">0</subfield>
    <subfield code="a">BCEJYS</subfield>
    <subfield code="b">BCEJYS</subfield>
    <subfield code="c">17</subfield>
    <subfield code="d">2019-01-01</subfield>
    <subfield code="h">N&#xB0;43 - ene. 2019</subfield>
    <subfield code="l">0</subfield>
    <subfield code="o">H336.22 IMP 43</subfield>
    <subfield code="p">R22095</subfield>
    <subfield code="r">2026-04-10 16:10:11</subfield>
    <subfield code="w">2026-04-10</subfield>
    <subfield code="y">RN</subfield>
  </datafield>
  <datafield tag="952" ind1=" " ind2=" ">
    <subfield code="0">0</subfield>
    <subfield code="1">0</subfield>
    <subfield code="4">0</subfield>
    <subfield code="7">0</subfield>
    <subfield code="a">BCEJYS</subfield>
    <subfield code="b">BCEJYS</subfield>
    <subfield code="c">17</subfield>
    <subfield code="d">2018-12-15</subfield>
    <subfield code="h">N&#xB0;42 - dic. 2018</subfield>
    <subfield code="l">0</subfield>
    <subfield code="o">H336.22 IMP 42</subfield>
    <subfield code="p">R22115</subfield>
    <subfield code="r">2026-04-10 16:10:11</subfield>
    <subfield code="w">2026-04-10</subfield>
    <subfield code="y">RN</subfield>
  </datafield>
  <datafield tag="952" ind1=" " ind2=" ">
    <subfield code="0">0</subfield>
    <subfield code="1">0</subfield>
    <subfield code="4">0</subfield>
    <subfield code="7">0</subfield>
    <subfield code="a">BCEJYS</subfield>
    <subfield code="b">BCEJYS</subfield>
    <subfield code="c">17</subfield>
    <subfield code="d">2018-12-01</subfield>
    <subfield code="h">N&#xB0;41 - dic. 2018</subfield>
    <subfield code="l">0</subfield>
    <subfield code="o">H336.22 IMP 41</subfield>
    <subfield code="p">R22114</subfield>
    <subfield code="r">2026-04-10 16:10:11</subfield>
    <subfield code="w">2026-04-10</subfield>
    <subfield code="y">RN</subfield>
  </datafield>
  <datafield tag="952" ind1=" " ind2=" ">
    <subfield code="0">0</subfield>
    <subfield code="1">0</subfield>
    <subfield code="4">0</subfield>
    <subfield code="7">0</subfield>
    <subfield code="a">BCEJYS</subfield>
    <subfield code="b">BCEJYS</subfield>
    <subfield code="c">17</subfield>
    <subfield code="d">2018-11-15</subfield>
    <subfield code="h">N&#xB0;40 - nov. 2018</subfield>
    <subfield code="l">0</subfield>
    <subfield code="o">H336.22 IMP 40</subfield>
    <subfield code="p">R22113</subfield>
    <subfield code="r">2026-04-10 16:10:11</subfield>
    <subfield code="w">2026-04-10</subfield>
    <subfield code="y">RN</subfield>
  </datafield>
  <datafield tag="952" ind1=" " ind2=" ">
    <subfield code="0">0</subfield>
    <subfield code="1">0</subfield>
    <subfield code="4">0</subfield>
    <subfield code="7">0</subfield>
    <subfield code="a">BCEJYS</subfield>
    <subfield code="b">BCEJYS</subfield>
    <subfield code="c">17</subfield>
    <subfield code="d">2018-11-01</subfield>
    <subfield code="h">N&#xB0;39 - nov. 2018</subfield>
    <subfield code="l">0</subfield>
    <subfield code="o">H336.22 IMP 39</subfield>
    <subfield code="p">R22050</subfield>
    <subfield code="r">2026-04-10 16:10:11</subfield>
    <subfield code="w">2026-04-10</subfield>
    <subfield code="y">RN</subfield>
  </datafield>
  <datafield tag="952" ind1=" " ind2=" ">
    <subfield code="0">0</subfield>
    <subfield code="1">0</subfield>
    <subfield code="4">0</subfield>
    <subfield code="7">0</subfield>
    <subfield code="a">BCEJYS</subfield>
    <subfield code="b">BCEJYS</subfield>
    <subfield code="c">17</subfield>
    <subfield code="d">2018-10-15</subfield>
    <subfield code="h">N&#xB0;38 - oct. 2018</subfield>
    <subfield code="l">0</subfield>
    <subfield code="o">H336.22 IMP 38</subfield>
    <subfield code="p">R22039</subfield>
    <subfield code="r">2026-04-10 16:10:11</subfield>
    <subfield code="w">2026-04-10</subfield>
    <subfield code="y">RN</subfield>
  </datafield>
  <datafield tag="952" ind1=" " ind2=" ">
    <subfield code="0">0</subfield>
    <subfield code="1">0</subfield>
    <subfield code="4">0</subfield>
    <subfield code="7">0</subfield>
    <subfield code="a">BCEJYS</subfield>
    <subfield code="b">BCEJYS</subfield>
    <subfield code="c">17</subfield>
    <subfield code="d">2018-10-01</subfield>
    <subfield code="h">N&#xB0;37 - oct. 2018</subfield>
    <subfield code="l">0</subfield>
    <subfield code="o">H336.22 IMP 37</subfield>
    <subfield code="p">R22023</subfield>
    <subfield code="r">2026-04-10 16:10:11</subfield>
    <subfield code="w">2026-04-10</subfield>
    <subfield code="y">RN</subfield>
  </datafield>
  <datafield tag="952" ind1=" " ind2=" ">
    <subfield code="0">0</subfield>
    <subfield code="1">0</subfield>
    <subfield code="4">0</subfield>
    <subfield code="7">0</subfield>
    <subfield code="a">BCEJYS</subfield>
    <subfield code="b">BCEJYS</subfield>
    <subfield code="c">17</subfield>
    <subfield code="d">2018-09-15</subfield>
    <subfield code="h">N&#xB0;36 - sep. 2018</subfield>
    <subfield code="l">0</subfield>
    <subfield code="o">H336.22 IMP 36</subfield>
    <subfield code="p">R22014</subfield>
    <subfield code="r">2026-04-10 16:10:11</subfield>
    <subfield code="w">2026-04-10</subfield>
    <subfield code="y">RN</subfield>
  </datafield>
  <datafield tag="952" ind1=" " ind2=" ">
    <subfield code="0">0</subfield>
    <subfield code="1">0</subfield>
    <subfield code="4">0</subfield>
    <subfield code="7">0</subfield>
    <subfield code="a">BCEJYS</subfield>
    <subfield code="b">BCEJYS</subfield>
    <subfield code="c">17</subfield>
    <subfield code="d">2018-09-01</subfield>
    <subfield code="h">N&#xB0;35 - sep. 2018</subfield>
    <subfield code="l">0</subfield>
    <subfield code="o">H336.22 IMP 35</subfield>
    <subfield code="p">R21987</subfield>
    <subfield code="r">2026-04-10 16:10:11</subfield>
    <subfield code="w">2026-04-10</subfield>
    <subfield code="y">RN</subfield>
  </datafield>
  <datafield tag="952" ind1=" " ind2=" ">
    <subfield code="0">0</subfield>
    <subfield code="1">0</subfield>
    <subfield code="4">0</subfield>
    <subfield code="7">0</subfield>
    <subfield code="a">BCEJYS</subfield>
    <subfield code="b">BCEJYS</subfield>
    <subfield code="c">17</subfield>
    <subfield code="d">2018-08-15</subfield>
    <subfield code="h">N&#xB0;34 - ago. 2018</subfield>
    <subfield code="l">0</subfield>
    <subfield code="o">H336.22 IMP 34</subfield>
    <subfield code="p">R21980</subfield>
    <subfield code="r">2026-04-10 16:10:11</subfield>
    <subfield code="w">2026-04-10</subfield>
    <subfield code="y">RN</subfield>
  </datafield>
  <datafield tag="952" ind1=" " ind2=" ">
    <subfield code="0">0</subfield>
    <subfield code="1">0</subfield>
    <subfield code="4">0</subfield>
    <subfield code="7">0</subfield>
    <subfield code="a">BCEJYS</subfield>
    <subfield code="b">BCEJYS</subfield>
    <subfield code="c">17</subfield>
    <subfield code="d">2018-08-01</subfield>
    <subfield code="h">N&#xB0;33 - ago. 2018</subfield>
    <subfield code="l">0</subfield>
    <subfield code="o">H336.22 IMP 33</subfield>
    <subfield code="p">R21967</subfield>
    <subfield code="r">2026-04-10 16:10:11</subfield>
    <subfield code="w">2026-04-10</subfield>
    <subfield code="y">RN</subfield>
  </datafield>
  <datafield tag="952" ind1=" " ind2=" ">
    <subfield code="0">0</subfield>
    <subfield code="1">0</subfield>
    <subfield code="4">0</subfield>
    <subfield code="7">0</subfield>
    <subfield code="a">BCEJYS</subfield>
    <subfield code="b">BCEJYS</subfield>
    <subfield code="c">17</subfield>
    <subfield code="d">2018-07-15</subfield>
    <subfield code="h">N&#xB0;32 - jul. 2018</subfield>
    <subfield code="l">0</subfield>
    <subfield code="o">H336.22 IMP 32</subfield>
    <subfield code="p">R21920</subfield>
    <subfield code="r">2026-04-10 16:10:11</subfield>
    <subfield code="w">2026-04-10</subfield>
    <subfield code="y">RN</subfield>
  </datafield>
  <datafield tag="952" ind1=" " ind2=" ">
    <subfield code="0">0</subfield>
    <subfield code="1">0</subfield>
    <subfield code="4">0</subfield>
    <subfield code="7">0</subfield>
    <subfield code="a">BCEJYS</subfield>
    <subfield code="b">BCEJYS</subfield>
    <subfield code="c">17</subfield>
    <subfield code="d">2018-07-01</subfield>
    <subfield code="h">N&#xB0; 31 - jul. 2018</subfield>
    <subfield code="l">0</subfield>
    <subfield code="o">H336.22 IMP 31</subfield>
    <subfield code="p">R21918</subfield>
    <subfield code="r">2026-04-10 16:10:11</subfield>
    <subfield code="w">2026-04-10</subfield>
    <subfield code="y">RN</subfield>
  </datafield>
  <datafield tag="952" ind1=" " ind2=" ">
    <subfield code="0">0</subfield>
    <subfield code="1">0</subfield>
    <subfield code="4">0</subfield>
    <subfield code="7">0</subfield>
    <subfield code="a">BCEJYS</subfield>
    <subfield code="b">BCEJYS</subfield>
    <subfield code="c">17</subfield>
    <subfield code="d">2018-06-15</subfield>
    <subfield code="h">N&#xB0;30 - jun. 2018</subfield>
    <subfield code="l">0</subfield>
    <subfield code="o">H336.22 IMP 30</subfield>
    <subfield code="p">R21902</subfield>
    <subfield code="r">2026-04-10 16:10:11</subfield>
    <subfield code="w">2026-04-10</subfield>
    <subfield code="y">RN</subfield>
  </datafield>
  <datafield tag="952" ind1=" " ind2=" ">
    <subfield code="0">0</subfield>
    <subfield code="1">0</subfield>
    <subfield code="4">0</subfield>
    <subfield code="7">0</subfield>
    <subfield code="a">BCEJYS</subfield>
    <subfield code="b">BCEJYS</subfield>
    <subfield code="c">17</subfield>
    <subfield code="d">2018-06-01</subfield>
    <subfield code="h">N&#xB0;29 - jun. 2018</subfield>
    <subfield code="l">0</subfield>
    <subfield code="o">H336.22 IMP 29</subfield>
    <subfield code="p">R21885</subfield>
    <subfield code="r">2026-04-10 16:10:11</subfield>
    <subfield code="w">2026-04-10</subfield>
    <subfield code="y">RN</subfield>
  </datafield>
  <datafield tag="952" ind1=" " ind2=" ">
    <subfield code="0">0</subfield>
    <subfield code="1">0</subfield>
    <subfield code="4">0</subfield>
    <subfield code="7">0</subfield>
    <subfield code="a">BCEJYS</subfield>
    <subfield code="b">BCEJYS</subfield>
    <subfield code="c">17</subfield>
    <subfield code="d">2018-05-15</subfield>
    <subfield code="h">N&#xB0;28 - mayo 2018</subfield>
    <subfield code="l">0</subfield>
    <subfield code="o">H336.22 IMP 28</subfield>
    <subfield code="p">R21919</subfield>
    <subfield code="r">2026-04-10 16:10:11</subfield>
    <subfield code="w">2026-04-10</subfield>
    <subfield code="y">RN</subfield>
  </datafield>
  <datafield tag="952" ind1=" " ind2=" ">
    <subfield code="0">0</subfield>
    <subfield code="1">0</subfield>
    <subfield code="4">0</subfield>
    <subfield code="7">0</subfield>
    <subfield code="a">BCEJYS</subfield>
    <subfield code="b">BCEJYS</subfield>
    <subfield code="c">17</subfield>
    <subfield code="d">2018-05-01</subfield>
    <subfield code="h">N&#xB0;27 - mayo 2018</subfield>
    <subfield code="l">0</subfield>
    <subfield code="o">H336.22 IMP 27</subfield>
    <subfield code="p">R21814</subfield>
    <subfield code="r">2026-04-10 16:10:11</subfield>
    <subfield code="w">2026-04-10</subfield>
    <subfield code="y">RN</subfield>
  </datafield>
  <datafield tag="952" ind1=" " ind2=" ">
    <subfield code="0">0</subfield>
    <subfield code="1">0</subfield>
    <subfield code="4">0</subfield>
    <subfield code="7">0</subfield>
    <subfield code="a">BCEJYS</subfield>
    <subfield code="b">BCEJYS</subfield>
    <subfield code="c">17</subfield>
    <subfield code="d">2018-04-15</subfield>
    <subfield code="h">N&#xBA; 26 - abr. 2018</subfield>
    <subfield code="l">0</subfield>
    <subfield code="o">H336.22 IMP 26</subfield>
    <subfield code="p">R21810</subfield>
    <subfield code="r">2026-04-10 16:10:11</subfield>
    <subfield code="w">2026-04-10</subfield>
    <subfield code="y">RN</subfield>
  </datafield>
  <datafield tag="952" ind1=" " ind2=" ">
    <subfield code="0">0</subfield>
    <subfield code="1">0</subfield>
    <subfield code="4">0</subfield>
    <subfield code="7">0</subfield>
    <subfield code="a">BCEJYS</subfield>
    <subfield code="b">BCEJYS</subfield>
    <subfield code="c">17</subfield>
    <subfield code="d">2018-04-01</subfield>
    <subfield code="h">N&#xBA; 25 - abr. 2018</subfield>
    <subfield code="l">0</subfield>
    <subfield code="o">H336.22 IMP 25</subfield>
    <subfield code="p">R21813</subfield>
    <subfield code="r">2026-04-10 16:10:11</subfield>
    <subfield code="w">2026-04-10</subfield>
    <subfield code="y">RN</subfield>
  </datafield>
  <datafield tag="952" ind1=" " ind2=" ">
    <subfield code="0">0</subfield>
    <subfield code="1">0</subfield>
    <subfield code="4">0</subfield>
    <subfield code="7">0</subfield>
    <subfield code="a">BCEJYS</subfield>
    <subfield code="b">BCEJYS</subfield>
    <subfield code="c">17</subfield>
    <subfield code="d">2018-03-15</subfield>
    <subfield code="h">N&#xBA; 24 - mar. 2018</subfield>
    <subfield code="l">0</subfield>
    <subfield code="o">H336.22 IMP 24</subfield>
    <subfield code="p">R21749</subfield>
    <subfield code="r">2026-04-10 16:10:11</subfield>
    <subfield code="w">2026-04-10</subfield>
    <subfield code="y">RN</subfield>
  </datafield>
  <datafield tag="952" ind1=" " ind2=" ">
    <subfield code="0">0</subfield>
    <subfield code="1">0</subfield>
    <subfield code="4">0</subfield>
    <subfield code="7">0</subfield>
    <subfield code="a">BCEJYS</subfield>
    <subfield code="b">BCEJYS</subfield>
    <subfield code="c">17</subfield>
    <subfield code="d">2018-03-01</subfield>
    <subfield code="h">N&#xBA; 23 - mar. 2018</subfield>
    <subfield code="l">0</subfield>
    <subfield code="o">H336.22 IMP 23</subfield>
    <subfield code="p">R21748</subfield>
    <subfield code="r">2026-04-10 16:10:11</subfield>
    <subfield code="w">2026-04-10</subfield>
    <subfield code="y">RN</subfield>
  </datafield>
  <datafield tag="952" ind1=" " ind2=" ">
    <subfield code="0">0</subfield>
    <subfield code="1">0</subfield>
    <subfield code="4">0</subfield>
    <subfield code="7">0</subfield>
    <subfield code="a">BCEJYS</subfield>
    <subfield code="b">BCEJYS</subfield>
    <subfield code="c">17</subfield>
    <subfield code="d">2018-02-15</subfield>
    <subfield code="h">N&#xBA; 22 - feb. 2018</subfield>
    <subfield code="l">0</subfield>
    <subfield code="o">H336.22 IMP 22</subfield>
    <subfield code="p">R21747</subfield>
    <subfield code="r">2026-04-10 16:10:12</subfield>
    <subfield code="w">2026-04-10</subfield>
    <subfield code="y">RN</subfield>
  </datafield>
  <datafield tag="952" ind1=" " ind2=" ">
    <subfield code="0">0</subfield>
    <subfield code="1">0</subfield>
    <subfield code="4">0</subfield>
    <subfield code="7">0</subfield>
    <subfield code="a">BCEJYS</subfield>
    <subfield code="b">BCEJYS</subfield>
    <subfield code="c">17</subfield>
    <subfield code="d">2018-02-01</subfield>
    <subfield code="h">N&#xBA; 21 - feb. 2018</subfield>
    <subfield code="l">0</subfield>
    <subfield code="o">H336.22 IMP 21</subfield>
    <subfield code="p">R21746</subfield>
    <subfield code="r">2026-04-10 16:10:12</subfield>
    <subfield code="w">2026-04-10</subfield>
    <subfield code="y">RN</subfield>
  </datafield>
  <datafield tag="952" ind1=" " ind2=" ">
    <subfield code="0">0</subfield>
    <subfield code="1">0</subfield>
    <subfield code="4">0</subfield>
    <subfield code="7">0</subfield>
    <subfield code="a">BCEJYS</subfield>
    <subfield code="b">BCEJYS</subfield>
    <subfield code="c">17</subfield>
    <subfield code="d">2018-01-15</subfield>
    <subfield code="h">N&#xBA; 20 - ene. 2018</subfield>
    <subfield code="l">0</subfield>
    <subfield code="o">H336.22 IMP 20</subfield>
    <subfield code="p">R21714</subfield>
    <subfield code="r">2026-04-10 16:10:12</subfield>
    <subfield code="w">2026-04-10</subfield>
    <subfield code="y">RN</subfield>
  </datafield>
  <datafield tag="952" ind1=" " ind2=" ">
    <subfield code="0">0</subfield>
    <subfield code="1">0</subfield>
    <subfield code="4">0</subfield>
    <subfield code="7">0</subfield>
    <subfield code="a">BCEJYS</subfield>
    <subfield code="b">BCEJYS</subfield>
    <subfield code="c">17</subfield>
    <subfield code="d">2018-01-01</subfield>
    <subfield code="h">N&#xB0; 19 - ene. 2018</subfield>
    <subfield code="l">0</subfield>
    <subfield code="o">H336.22 IMP 19</subfield>
    <subfield code="p">R21713</subfield>
    <subfield code="r">2026-04-10 16:10:12</subfield>
    <subfield code="w">2026-04-10</subfield>
    <subfield code="y">RN</subfield>
  </datafield>
</record>
